Premier League players of the 10s - Statistics

General Stats
  • This quiz has been taken 51 times
  • The average score is 472 of 1894
Answer Stats
Ranking Player Positions Nationality Matches Goals (assists) Periods Clubs % Correct
351 Bernardo Silva MF, FW 105 19 (18) 2017-2020
97%
2 David de Gea GK 313 0 (0) 2011-2020
97%
3 David Silva MF, FW 309 60 (93) 2010-2020
97%
1288 Adrien Silva MF 14 0 (1) 2017-2019
94%
1870 Paulo da Silva DF 1 0 (0) 2010-2011
94%
1894 Xande Silva FW 1 0 (0) 2018-2019
94%
1362 FW 12 0 (0) 2010-2011
91%
1276 Marek Čech DF 15 0 (1) 2010-2011
91%
19 Petr Čech GK 259 0 (1) 2010-2019
91%
854 Ricardo Vaz Tê MF, FW 36 5 (4) 2012-2015
91%
845 Dean Henderson GK 36 0 (0) 2019-2020
88%
378 Demba Ba FW 99 43 (3) 2010-2014
88%
1799 El-Hadji Ba MF #N/B 1 0 (0) 2013-2014
88%
245 Fernando Torres FW 133 29 (19) 2010-2014
88%
218 Frank Lampard MF 141 48 (12) 2010-2015
88%
68 Harry Kane FW 210 143 (18) 2012-2020
88%
16 Hugo Lloris GK 260 0 (0) 2012-2020
88%
4 Jordan Henderson MF 306 29 (41) 2010-2020
88%
213 Jordan Pickford GK 145 0 (0) 2015-2020
88%
6 Kyle Walker DF, MF 290 7 (29) 2010-2020
88%
279 Leroy Fer MF 123 16 (8) 2013-2018
88%
899 Marten de Roon DF, MF 33 4 (0) 2016-2017
88%
1505 Orlando Sá FW 7 1 (0) 2011-2012
88%
20 Raheem Sterling MF, FW 259 86 (45) 2011-2020
88%
14 Sergio Agüero FW 263 180 (47) 2011-2020
88%
42 Wayne Rooney MF, FW 235 102 (53) 2010-2018
88%
188 Alexis Sánchez MF, FW 154 63 (31) 2014-2019
84%
197 Andrew Robertson DF, MF 151 4 (32) 2014-2015, 2016-2020
84%
252 Billy Jones DF 131 3 (4) 2011-2017
84%
1383 Brad Jones GK 11 0 (0) 2011-2012, 2014-2015
84%
592 Carlos Sánchez DF, MF 61 1 (0) 2014-2015, 2018-2020
84%
1558 Chris Martin FW 5 0 (0) 2011-2013
84%
52 Christian Eriksen MF, FW 226 51 (62) 2013-2020
84%
1594 Connor Roberts DF 4 0 (0) 2017-2018
84%
1559 David Martin GK 5 0 (0) 2019-2020
84%
447 Davinson Sánchez DF 83 1 (1) 2017-2020
84%
66 Jamie Vardy FW 211 103 (28) 2014-2020
84%
727 Jason Roberts FW 46 5 (6) 2010-2013
84%
1571 Josh Martin MF, FW 5 0 (0) 2019-2020
84%
380 Kenwyne Jones FW 99 14 (3) 2010-2014
84%
186 Kevin De Bruyne MF, FW 155 36 (65) 2013-2014, 2015-2020
84%
230 Marcos Alonso DF, MF 138 20 (12) 2010-2011, 2013-2014, 2016-2020
84%
284 Mohamed Salah FW 121 75 (29) 2013-2014, 2017-2020
84%
1548 Patrick Roberts MF, FW 6 0 (0) 2013-2014, 2015-2016, 2019-2020
84%
108 Phil Jones DF, MF 191 2 (6) 2010-2020
84%
204 Robin van Persie FW 149 96 (30) 2010-2015
84%
27 Romelu Lukaku FW 252 113 (35) 2011-2019
84%
274 Russell Martin DF 125 8 (1) 2011-2013, 2015-2016
84%
101 Sadio Mané MF, FW 194 84 (29) 2014-2020
84%
1888 Tyler Roberts MF, FW 1 0 (0) 2015-2016
84%
40 Aaron Ramsey MF 235 37 (41) 2010-2019
81%
502 Anton Ferdinand DF 74 0 (2) 2010-2013
81%
10 César Azpilicueta DF, MF 271 8 (31) 2012-2020
81%
1520 Curtis Jones MF 6 1 (0) 2019-2020
81%
892 Daniel James MF, FW 33 3 (6) 2019-2020
81%
469 David Jones MF 78 1 (1) 2010-2012, 2014-2015, 2016-2017
81%
103 David Luiz DF, MF 193 13 (7) 2010-2013, 2016-2020
81%
427 Didier Drogba FW 88 20 (15) 2010-2011, 2014-2015
81%
847 Douglas Luiz MF 36 3 (2) 2019-2020
81%
31 Eden Hazard MF, FW 245 85 (54) 2012-2019
81%
723 Fred MF 46 1 (1) 2018-2020
81%
5 James Milner DF, MF 297 33 (48) 2010-2020
81%
1270 Jermaine Jones MF 15 0 (0) 2010-2011
81%
335 Jordi Gómez MF 108 13 (3) 2010-2012, 2014-2016
81%
15 Juan Mata MF, FW 262 51 (52) 2011-2020
81%
1839 Kayne Ramsey DF 1 0 (0) 2018-2019
81%
183 Luke Shaw DF, MF 156 1 (7) 2012-2020
81%
217 Marcus Rashford MF, FW 142 44 (21) 2015-2020
81%
768 Matty James MF 42 0 (1) 2014-2015, 2016-2017, 2019-2020
81%
161 N'Golo Kanté MF 164 10 (10) 2015-2020
81%
1079 Reece James DF, MF 24 0 (2) 2019-2020
81%
366 Rio Ferdinand DF 102 1 (1) 2010-2015
81%
137 Roberto Firmino MF, FW 175 57 (35) 2015-2020
81%
861 Rodri MF 35 3 (2) 2019-2020
81%
1885 Tom James DF, MF 1 0 (0) 2013-2014
81%
124 Adam Johnson MF 179 29 (24) 2010-2016
78%
690 Andrew Johnson FW 50 6 (4) 2010-2013
78%
295 Ashley Cole DF 118 1 (13) 2010-2014
78%
316 Carlton Cole FW 111 15 (3) 2010-2011, 2012-2015
78%
1140 Declan John DF, MF 20 0 (0) 2013-2014
78%
1596 Denis Suárez MF, FW 4 0 (0) 2018-2019
78%
1323 Éder FW 13 0 (0) 2015-2016
78%
329 Ederson GK 109 0 (1) 2017-2020
78%
379 Gareth Bale MF, FW 99 37 (15) 2010-2013
78%
107 Glen Johnson DF 192 5 (11) 2010-2018
78%
526 Joe Cole MF 69 9 (2) 2010-2011, 2012-2015
78%
513 Joe Gomez DF 72 0 (3) 2015-2016, 2017-2020
78%
166 John Stones DF, MF 162 1 (0) 2013-2020
78%
120 John Terry DF 183 22 (3) 2010-2017
78%
1844 Larnell Cole MF 1 0 (0) 2013-2014
78%
324 Luis Suárez FW 110 69 (23) 2010-2014
78%
539 Luka Modrić MF 68 7 (6) 2010-2012
78%
521 Mario Balotelli FW 70 21 (1) 2010-2012, 2014-2015
78%
1277 Mario Suárez MF 15 0 (0) 2015-2016
78%
118 Mesut Özil MF, FW 184 33 (55) 2013-2020
78%
78 Nemanja Matić MF 206 6 (19) 2013-2020
78%
236 Nicolás Otamendi DF 136 8 (0) 2015-2020
78%
37 Olivier Giroud FW 238 86 (29) 2012-2020
78%
196 Philippe Coutinho MF, FW 152 41 (36) 2012-2018
78%
91 Riyad Mahrez MF, FW 199 57 (41) 2014-2020
78%
530 Roger Johnson DF 69 2 (2) 2010-2011, 2013-2014
78%
824 Stephen Carr DF 38 0 (0) 2010-2011
78%
181 Virgil van Dijk DF 157 13 (3) 2015-2020
78%
541 Alisson GK 67 0 (1) 2018-2020
75%
249 Ander Herrera MF 132 12 (16) 2014-2019
75%
720 André Gomes MF, FW 46 1 (2) 2018-2020
75%
1556 Angel Gomes MF, FW 5 0 (0) 2016-2017, 2018-2020
75%
211 Anthony Martial MF, FW 145 51 (22) 2015-2020
75%
1590 Ben Johnson DF, FW 4 0 (0) 2018-2020
75%
369 Bradley Johnson DF, MF 101 6 (8) 2011-2013, 2015-2016
75%
468 Carlos Tevez MF, FW 78 35 (17) 2010-2013
75%
423 Diego Costa FW 89 52 (16) 2014-2017
75%
394 Dimitar Berbatov FW 95 46 (8) 2010-2014
75%
1386 Eddie Johnson FW 11 0 (0) 2010-2011
75%
255 Edin Džeko FW 130 50 (11) 2010-2015
75%
302 Emre Can DF, MF 115 10 (6) 2014-2018
75%
175 Héctor Bellerín DF, MF 158 7 (18) 2014-2020
75%
257 Heurelho Gomes GK 130 0 (0) 2010-2011, 2015-2018
75%
1812 Jake Kean GK 1 0 (0) 2011-2012
75%
29 Jonny Evans DF 247 11 (10) 2010-2020
75%
86 Kasper Schmeichel GK 201 0 (0) 2014-2020
75%
386 Kolo Touré DF 97 2 (2) 2010-2016
75%
977 Moise Kean FW 29 2 (2) 2019-2020
75%
318 Paul Pogba MF, FW 111 25 (26) 2011-2012, 2016-2020
75%
184 Per Mertesacker DF 156 6 (1) 2011-2018
75%
439 Pierre-Emerick Aubameyang MF, FW 85 54 (12) 2017-2020
75%
445 Ryan Giggs MF, FW 84 6 (17) 2010-2014
75%
271 Thibaut Courtois GK 126 0 (0) 2014-2018
75%
138 Toby Alderweireld DF 175 8 (4) 2014-2020
75%
1889 Tyreke Johnson MF 1 0 (0) 2018-2019
75%
44 Willian MF, FW 234 37 (33) 2013-2020
75%
48 Yaya Touré MF 230 59 (33) 2010-2018
75%
215 Adam Smith DF, MF 144 5 (10) 2011-2012, 2015-2020
72%
73 Antonio Valencia DF, MF 207 12 (33) 2010-2019
72%
35 Ashley Williams DF 241 6 (5) 2011-2018
72%
162 Cesc Fàbregas MF, FW 163 18 (52) 2010-2011, 2014-2019
72%
182 Dele Alli MF, FW 156 50 (33) 2015-2020
72%
894 Edwin van der Sar GK 33 0 (1) 2010-2011
72%
1265 Emiliano Martínez GK 15 0 (0) 2014-2015, 2016-2017, 2019-2020
72%
496 Enner Valencia MF, FW 75 11 (6) 2014-2017
72%
140 Eric Dier DF, MF 174 10 (9) 2014-2020
72%
54 Fernandinho DF, MF 224 18 (16) 2013-2020
72%
225 Harry Maguire DF 139 8 (6) 2014-2015, 2016-2020
72%
1050 Hélder Costa MF, FW 25 1 (2) 2018-2019
72%
45 Jan Vertonghen DF 232 6 (4) 2012-2020
72%
24 Joe Hart GK 254 0 (1) 2010-2015, 2017-2019
72%
1363 Jonny Williams MF, FW 12 0 (0) 2013-2016
72%
407 Karl Henry DF, MF 93 0 (2) 2010-2011, 2014-2015
72%
419 Leroy Sané MF, FW 90 25 (27) 2016-2020
72%
1249 Manuel da Costa DF 16 1 (0) 2010-2011
72%
100 Michael Carrick MF 194 5 (9) 2010-2018
72%
253 Oscar MF, FW 131 21 (19) 2012-2017
72%
332 Richarlison MF, FW 109 31 (8) 2017-2020
72%
231 Steven Gerrard MF 138 40 (30) 2010-2015
72%
1621 Thierry Henry FW 4 1 (0) 2011-2012
72%
1315 Alan Smith MF, FW 13 0 (0) 2010-2012
69%
385 Alexandre Lacazette FW 97 37 (16) 2017-2020
69%
1769 Alex Smith DF 1 0 (0) 2012-2013
69%
457 Antonio Rüdiger DF 80 5 (1) 2017-2020
69%
51 Ashley Young DF, FW 226 22 (35) 2010-2020
69%
1408 Brad Smith DF, MF 10 0 (0) 2013-2014, 2015-2017
69%
1209 Brandon Williams DF 17 1 (0) 2019-2020
69%
77 Chris Smalling DF 206 12 (1) 2010-2019
69%
1045 Danny Williams DF, MF 25 0 (0) 2017-2019
69%
1794 Derrick Williams DF 1 0 (0) 2012-2013
69%
632 Fabinho DF, MF 56 3 (5) 2018-2020
69%
11 Gary Cahill DF 271 18 (6) 2010-2020
69%
7 Gylfi Sigurðsson MF, FW 282 61 (45) 2011-2020
69%
470 Henrikh Mkhitaryan MF, FW 78 13 (14) 2016-2020
69%
364 İlkay Gündoğan MF 102 15 (6) 2016-2020
69%
1102 Jazz Richards DF, MF 22 0 (1) 2011-2012, 2014-2015, 2018-2019
69%
436 Joël Matip DF, MF 85 4 (0) 2016-2020
69%
537 Jorginho MF 68 6 (2) 2018-2020
69%
705 Luke Young DF 48 3 (2) 2010-2012
69%
75 Marouane Fellaini MF 207 27 (13) 2010-2019
69%
463 Micah Richards DF 80 3 (7) 2010-2013, 2015-2016
69%
199 Michael Keane DF 151 5 (5) 2014-2015, 2016-2020
69%
33 Mousa Dembélé MF 243 12 (12) 2010-2019
69%
1745 Moussa Dembélé FW 2 0 (0) 2013-2014
69%
437 Nani MF, FW 85 18 (26) 2010-2015
69%
1545 Neco Williams DF 6 0 (0) 2019-2020
69%
438 Nemanja Vidić DF 85 6 (1) 2010-2014
69%
1106 Robbie Keane FW 22 5 (0) 2010-2012
69%
590 Tim Cahill MF, FW 62 11 (5) 2010-2012
69%
79 Tim Howard GK 206 1 (1) 2010-2016
69%
804 Tommy Smith DF 39 0 (1) 2017-2019
69%
1225 Tommy Smith MF, FW 17 2 (0) 2011-2012
69%
81 Vincent Kompany DF 206 15 (4) 2010-2019
69%
1511 Will Keane MF, FW 7 0 (0) 2011-2012, 2015-2017
69%
305 Xherdan Shaqiri MF, FW 115 22 (18) 2015-2020
69%
1180 Alex DF 18 2 (0) 2010-2012
66%
96 Alex Oxlade-Chamberlain MF, FW 196 16 (22) 2011-2020
66%
689 Anderson MF 50 4 (4) 2010-2015
66%
89 Ben Davies DF, MF 199 6 (15) 2012-2020
66%
842 Benjamin Mendy DF, FW 36 0 (8) 2017-2020
66%
362 Chris Wood FW 102 35 (4) 2010-2011, 2014-2015, 2017-2020
66%
416 Curtis Davies DF 90 2 (3) 2010-2011, 2013-2014, 2016-2017
66%
417 Daley Blind DF, MF 90 4 (5) 2014-2018
66%
352 Darren Bent FW 105 32 (4) 2010-2015
66%
594 Felipe Anderson MF, FW 61 10 (8) 2018-2020
66%
256 Granit Xhaka DF, MF 130 8 (13) 2016-2020
66%
518 Jack Grealish MF, FW 70 9 (7) 2013-2015, 2019-2020
66%
282 Jesús Navas DF, FW 122 4 (23) 2013-2017
66%
1649 João Pedro MF, FW 3 0 (0) 2019-2020
66%
22 Laurent Koscielny DF 255 22 (2) 2010-2019
66%
603 Lukas Podolski MF, FW 60 19 (11) 2012-2015
66%
1662 Marcus Bent FW 3 0 (0) 2010-2011
66%
581 Mateo Kovačić MF 63 1 (5) 2018-2020
66%
769 Nampalys Mendy MF 42 0 (0) 2016-2017, 2018-2020
66%
216 Patrice Evra DF 144 6 (13) 2010-2013, 2017-2018
66%
234 Pedro MF, FW 137 29 (17) 2015-2020
66%
1342 Radoslav Kováč DF, MF 13 0 (0) 2010-2011
66%
18 Theo Walcott MF, FW 260 66 (41) 2010-2020
66%
355 Tom Davies MF 105 5 (4) 2015-2020
66%
451 Wes Brown DF 83 1 (1) 2010-2011, 2013-2016
66%
251 Wojciech Szczęsny GK 132 0 (0) 2010-2015
66%
359 Adama Traoré DF, MF, FW 103 5 (12) 2015-2016, 2018-2020
63%
1684 André Green MF, FW 2 0 (0) 2015-2016
63%
549 Armand Traoré DF, MF 66 0 (3) 2011-2012, 2014-2015
63%
585 Bernd Leno GK 62 0 (0) 2018-2020
63%
1407 Bertrand Traoré MF, FW 10 2 (1) 2015-2016
63%
1557 Brahim Díaz DF, FW 5 0 (0) 2017-2018
63%
58 Branislav Ivanović DF 217 21 (14) 2010-2017
63%
334 Clint Dempsey MF, FW 108 36 (13) 2010-2014
63%
116 Daniel Sturridge MF, FW 184 70 (18) 2010-2019
63%
102 Danny Rose DF, MF 193 8 (18) 2010-2020
63%
59 Danny Welbeck MF, FW 216 43 (21) 2010-2020
63%
377 Declan Rice DF, MF 99 3 (3) 2016-2020
63%
412 Divock Origi MF, FW 91 19 (6) 2015-2020
63%
363 Gabriel Jesus FW 102 41 (17) 2016-2020
63%
1268 Izzy Brown MF, FW 15 0 (0) 2012-2013, 2014-2015, 2017-2018
63%
177 Javier Hernández FW 158 53 (10) 2010-2015, 2017-2020
63%
69 Jermain Defoe FW 210 65 (10) 2010-2019
63%
246 Jesse Lingard MF, FW 133 18 (9) 2014-2020
63%
71 John O'Shea DF, MF 209 3 (4) 2010-2017
63%
529 Kevin Davies FW 69 14 (7) 2010-2012
63%
219 Kurt Zouma DF 141 4 (3) 2014-2020
63%
1843 Lacina Traoré FW 1 0 (0) 2013-2014
63%
612 Mark Davies MF 59 5 (3) 2010-2012
63%
614 Michy Batshuayi FW 59 13 (3) 2016-2020
63%
174 Ramires MF 159 17 (8) 2010-2016
63%
424 Robert Green GK 89 0 (0) 2010-2011, 2012-2013, 2014-2015
63%
381 Shkodran Mustafi DF 99 7 (4) 2016-2020
63%
855 Simon Davies MF 36 4 (4) 2010-2012
63%
172 Son Heung-min MF, FW 160 53 (29) 2015-2020
63%
408 Trent Alexander-Arnold DF 93 6 (26) 2016-2020
63%
454 Victor Lindelöf DF 82 2 (1) 2017-2020
63%
61 Wilfried Zaha MF, FW 215 36 (23) 2013-2020
63%
697 Abel Hernández FW 49 8 (4) 2014-2015, 2016-2017
59%
626 Andreas Christensen DF, MF 57 0 (0) 2014-2015, 2017-2020
59%
574 Andrey Arshavin MF, FW 63 7 (14) 2010-2013
59%
397 Andy King MF 94 8 (2) 2014-2018
59%
134 Ayoze Pérez MF, FW 176 41 (13) 2014-2015, 2017-2020
59%
1 Ben Foster GK 323 0 (0) 2010-2020
59%
1136 Callum Robinson MF, FW 20 1 (1) 2013-2014, 2019-2020
59%
269 Callum Wilson FW 126 41 (12) 2015-2020
59%
74 Charlie Adam MF 207 34 (25) 2010-2018
59%
53 Christian Benteke FW 225 72 (20) 2012-2020
59%
1694 Danny Wilson DF 2 0 (0) 2010-2011
59%
165 Dejan Lovren DF 162 7 (4) 2013-2020
59%
125 Georginio Wijnaldum MF 179 25 (15) 2015-2020
59%
935 Harry Wilson MF, FW 31 7 (0) 2019-2020
59%
1466 Jack Robinson DF 8 0 (0) 2010-2011, 2019-2020
59%
1269 James Wilson MF, FW 15 3 (0) 2013-2016
59%
133 Jay Rodriguez MF, FW 177 41 (12) 2012-2013, 2015-2017, 2019-2020
59%
226 John Obi Mikel MF 139 1 (4) 2010-2016
59%
1832 Jonathan Benteke FW 1 0 (0) 2016-2017
59%
168 Joshua King MF, FW 161 48 (14) 2015-2020
59%
1019 Ledley King DF, MF 27 0 (0) 2010-2012
59%
507 Lucas Moura MF, FW 73 14 (5) 2017-2020
59%
1033 Lucas Pérez MF, FW 26 4 (0) 2016-2017, 2018-2019
59%
1609 Luis Hernández DF 4 0 (0) 2016-2017
59%
200 Marc Wilson DF, MF 150 1 (2) 2010-2017
59%
117 Marko Arnautović MF, FW 184 43 (33) 2013-2019
59%
43 Moussa Sissoko MF, FW 234 14 (24) 2012-2020
59%
210 Nathan Aké DF, MF 146 12 (5) 2012-2020
59%
508 Nick Pope GK 73 0 (0) 2017-2018, 2019-2020
59%
1039 Onel Hernández MF, FW 26 1 (2) 2019-2020
59%
631 Pablo Hernández MF, FW 57 5 (13) 2012-2014
59%
509 Paul Robinson GK 73 0 (1) 2010-2011, 2016-2017
59%
671 Paul Robinson DF 52 0 (1) 2010-2012
59%
640 Paul Scholes MF 55 6 (4) 2010-2013
59%
34 Peter Crouch FW 243 48 (24) 2010-2019
59%
492 Raúl Jiménez FW 76 30 (13) 2018-2020
59%
583 Ricardo Pereira DF, FW 63 5 (8) 2018-2020
59%
160 Samir Nasri MF, FW 165 28 (33) 2010-2016, 2018-2019
59%
32 Simon Mignolet GK 245 0 (0) 2010-2018
59%
826 Aaron Ramsdale GK 37 0 (1) 2019-2020
56%
158 Aleksandar Kolarov DF 165 11 (21) 2010-2017
56%
350 Alexandre Song DF, MF 105 5 (16) 2010-2011, 2014-2016
56%
734 Andreas Pereira MF, FW 45 2 (4) 2014-2015, 2018-2020
56%
533 André Schürrle MF, FW 68 17 (2) 2013-2014, 2018-2019
56%
1229 Ashley Fletcher FW 16 0 (0) 2016-2017
56%
147 Bacary Sagna DF 168 3 (11) 2010-2017
56%
1182 Bastian Schweinsteiger DF, MF 18 1 (0) 2015-2016
56%
1290 Bruno Fernandes MF, FW 14 8 (7) 2019-2020
56%
1008 Bukayo Saka DF, MF, FW 27 1 (5) 2018-2020
56%
339 Christian Fuchs DF, MF 107 2 (8) 2015-2020
56%
1043 Christian Pulisic DF, MF, FW 25 9 (4) 2019-2020
56%
127 Darren Fletcher MF 178 9 (14) 2010-2018
56%
1695 Dion Pereira MF 2 0 (0) 2016-2017
56%
764 Edimilson Fernandes DF, MF, FW 42 0 (2) 2016-2018
56%
148 Federico Fernández DF 168 4 (7) 2014-2020
56%
568 Fernando DF, MF 64 4 (2) 2014-2017
56%
143 Gaël Clichy DF 171 2 (11) 2010-2017
56%
1491 Gedson Fernandes DF, MF 7 0 (0) 2019-2020
56%
1828 Joel Castro Pereira GK 1 0 (0) 2016-2017
56%
345 Kieran Trippier DF, MF 107 2 (18) 2014-2019
56%
1659 Lee Camp GK 3 0 (0) 2012-2013
56%
21 Leighton Baines DF 258 27 (38) 2010-2020
56%
833 Mason Mount MF, FW 37 7 (5) 2019-2020
56%
792 Maxi Rodríguez MF, FW 40 14 (1) 2010-2012
56%
220 Mikel Arteta MF 141 18 (11) 2010-2016
56%
87 Morgan Schneiderlin MF 200 13 (3) 2012-2020
56%
114 Nacho Monreal DF 187 7 (13) 2012-2020
56%
778 Oleksandr Zinchenko DF 41 0 (3) 2017-2020
56%
411 Pascal Groß DF, MF, FW 92 12 (15) 2017-2020
56%
303 Pepe Reina GK 115 0 (0) 2010-2012, 2019-2020
56%
510 Rúben Neves MF 73 6 (5) 2018-2020
56%
622 Scott McTominay MF, FW 58 6 (1) 2016-2020
56%
187 Steven Fletcher FW 155 45 (7) 2010-2016
56%
152 Wes Morgan DF 167 8 (2) 2014-2020
56%
907 Zlatan Ibrahimović FW 33 17 (5) 2016-2018
56%
474 Aaron Wan-Bissaka DF 77 0 (7) 2017-2020
53%
95 Adam Lallana MF, FW 196 30 (27) 2012-2020
53%
1587 Aleix García MF 4 0 (0) 2016-2017
53%
272 Alex Iwobi DF, MF, FW 125 12 (17) 2015-2020
53%
1003 Ángel Di María MF, FW 27 3 (10) 2014-2015
53%
38 Asmir Begović GK 237 1 (0) 2010-2019
53%
948 Che Adams FW 30 4 (2) 2019-2020
53%
317 Danny Ings FW 111 43 (9) 2014-2015, 2017-2020
53%
542 Diogo Jota MF, FW 67 16 (6) 2018-2020
53%
1326 Eric García DF 13 0 (0) 2019-2020
53%
1266 Filipe Luís DF 15 0 (0) 2014-2015
53%
478 Jack Butland GK 77 0 (0) 2013-2018
53%
657 Javi García DF, MF 53 2 (0) 2012-2014
53%
1418 Jota MF, FW 10 0 (1) 2019-2020
53%
528 Kepa Arrizabalaga GK 69 0 (0) 2018-2020
53%
1189 Kevin Phillips FW 18 1 (0) 2010-2011, 2013-2014
53%
974 Loris Karius GK 29 0 (0) 2016-2018
53%
47 Łukasz Fabiański GK 231 0 (1) 2010-2011, 2012-2020
53%
1853 Manu García MF, FW 1 0 (0) 2015-2016
53%
112 Martin Škrtel DF 188 15 (3) 2010-2016
53%
330 Matt Phillips DF, MF, FW 109 10 (22) 2010-2011, 2014-2015, 2016-2018
53%
658 Nicolas Anelka FW 53 9 (5) 2010-2011, 2013-2014
53%
30 Pablo Zabaleta DF, MF 247 8 (18) 2010-2020
53%
780 Phil Foden MF, FW 41 6 (3) 2017-2020
53%
88 Ross Barkley MF 200 25 (27) 2011-2020
53%
372 Tomáš Rosický MF 101 7 (8) 2010-2015
53%
80 Victor Moses DF, MF, FW 206 19 (15) 2010-2019
53%
304 Wilfried Bony FW 115 35 (10) 2013-2018
53%
774 Yerry Mina DF 42 3 (1) 2018-2020
53%
1626 Adam Campbell MF, FW 3 0 (0) 2012-2013
50%
494 Adnan Januzaj MF, FW 75 5 (5) 2013-2017
50%
476 Aleksandar Mitrović FW 77 21 (7) 2015-2016, 2017-2019
50%
422 André Ayew MF, FW 89 21 (9) 2015-2018
50%
606 Aymeric Laporte DF 59 4 (3) 2017-2020
50%
586 Diafra Sakho FW 62 18 (3) 2014-2018
50%
543 Dirk Kuyt DF, MF, FW 67 15 (8) 2010-2012
50%
763 DJ Campbell FW 42 14 (1) 2010-2012
50%
1029 Djibril Cissé FW 26 9 (0) 2011-2013
50%
312 Emmanuel Adebayor FW 112 37 (18) 2010-2016
50%
341 Fraizer Campbell FW 107 13 (3) 2010-2017
50%
23 Gareth Barry MF 254 10 (16) 2010-2018
50%
1645 Gary Neville DF 3 0 (0) 2010-2011
50%
1647 Ibrahima Cissé MF 3 0 (0) 2018-2019
50%
544 James Maddison MF, FW 67 13 (10) 2018-2020
50%
1087 Joel Campbell MF, FW 23 3 (2) 2014-2016
50%
1829 Joel Coleman GK 1 0 (0) 2018-2019
50%
233 Jordan Ayew MF, FW 137 25 (8) 2015-2020
50%
297 Kelechi Iheanacho MF, FW 117 21 (13) 2015-2020
50%
276 Mamadou Sakho DF 124 3 (2) 2013-2020
50%
488 Marcos Rojo DF 76 1 (1) 2014-2020
50%
9 Mark Noble MF 280 36 (25) 2010-2011, 2012-2020
50%
604 Matteo Darmian DF, MF 60 1 (0) 2015-2019
50%
247 Michail Antonio MF, FW 133 36 (14) 2015-2020
50%
732 Mohamed Elneny MF 46 0 (3) 2015-2019
50%
298 Papiss Cissé FW 117 37 (6) 2011-2016
50%
28 Phil Jagielka DF, MF 248 13 (5) 2010-2020
50%
491 Phil Neville DF, MF 76 1 (2) 2010-2013
50%
92 Robert Huth DF 199 16 (4) 2010-2017
50%
501 Rui Patrício GK 75 0 (0) 2018-2020
50%
1580 Ryan Noble FW 5 0 (0) 2010-2012
50%
12 Séamus Coleman DF, MF 271 20 (20) 2010-2020
50%
1509 Sol Campbell DF, FW 7 0 (0) 2010-2011
50%
1623 Tyrese Campbell FW 4 0 (0) 2017-2018
50%
192 Victor Wanyama MF 154 10 (3) 2013-2020
50%
289 Wilfred Ndidi DF, MF 120 6 (5) 2016-2020
50%
695 Youri Tielemans MF, FW 50 6 (10) 2018-2020
50%
235 Adrián GK 136 0 (0) 2013-2017, 2019-2020
47%
415 Alberto Moreno DF, MF 90 3 (4) 2014-2019
47%
1513 Alou Diarra MF 6 0 (0) 2012-2014
47%
301 Andre Gray FW 115 23 (7) 2016-2020
47%
238 Angelo Ogbonna DF 135 4 (1) 2015-2020
47%
185 Ashley Barnes MF, FW 155 38 (6) 2014-2015, 2016-2020
47%
273 Cédric Soares DF, MF 125 2 (11) 2015-2020
47%
121 Craig Dawson DF 182 14 (2) 2011-2017, 2019-2020
47%
382 Damien Duff MF, FW 98 9 (15) 2010-2014
47%
356 Danny Drinkwater MF 104 5 (9) 2014-2017, 2019-2020
47%
93 Danny Simpson DF 198 0 (1) 2010-2012, 2014-2019
47%
1291 Danny Ward MF, FW 14 1 (0) 2018-2019
47%
1693 Danny Ward GK 2 0 (0) 2015-2016
47%
1489 David Davis MF 7 0 (0) 2011-2012
47%
250 Demarai Gray MF, FW 132 10 (9) 2015-2020
47%
1142 Diogo Dalot DF, FW 20 0 (2) 2018-2020
47%
577 Dominic Solanke MF, FW 63 4 (3) 2017-2020
47%
1359 Elliott Ward DF 12 0 (1) 2011-2012
47%
1699 Emile Smith Rowe MF, FW 2 0 (0) 2019-2020
47%
130 Fabian Delph DF, MF 177 7 (8) 2010-2020
47%
400 Harry Winks MF 94 2 (2) 2016-2020
47%
637 Harvey Barnes MF, FW 55 7 (10) 2017-2020
47%
992 Ismaila Sarr MF, FW 28 5 (4) 2019-2020
47%
1391 Jack Simpson DF 11 0 (0) 2017-2020
47%
155 Jack Wilshere MF 166 7 (17) 2010-2011, 2012-2020
47%
97 Joel Ward DF, MF 196 4 (5) 2013-2020
47%
179 Joleon Lescott DF 157 8 (4) 2010-2017
47%
1188 Keinan Davis MF, FW 18 0 (0) 2019-2020
47%
1148 Kelvin Davis GK 20 0 (0) 2012-2016
47%
173 Kieran Gibbs DF, MF 159 2 (9) 2010-2018
47%
465 Loïc Rémy FW 79 28 (3) 2012-2017
47%
520 Lucas Digne DF, MF 70 4 (11) 2018-2020
47%
1090 Mahamadou Diarra MF 23 1 (1) 2011-2014
47%
222 Michael Dawson DF 140 6 (0) 2010-2014, 2016-2017
47%
1127 Michael Duff DF 21 0 (0) 2014-2015
47%
666 Michael Essien DF, MF 52 3 (3) 2010-2011, 2013-2014
47%
756 Naby Keïta MF, FW 43 4 (4) 2018-2020
47%
942 Nicolas Pépé MF, FW 31 5 (6) 2019-2020
47%
50 Ryan Bertrand DF, MF 229 7 (14) 2010-2020
47%
223 Salomón Rondón FW 140 35 (14) 2015-2019
47%
262 Santi Cazorla MF 129 25 (34) 2012-2017
47%
1506 Sergio Romero GK 7 0 (0) 2015-2018
47%
823 Shinji Kagawa MF, FW 38 6 (6) 2012-2014
47%
205 Stephen Ward DF, FW 149 6 (4) 2010-2011, 2014-2015, 2016-2019
47%
105 Steven Davis MF 193 12 (17) 2012-2019
47%
548 Tammy Abraham FW 67 20 (4) 2015-2016, 2017-2018, 2019-2020
47%
1131 Tanguy Ndombele MF 21 2 (2) 2019-2020
47%
483 Thomas Vermaelen DF 77 6 (3) 2010-2014
47%
396 Alex McCarthy GK 94 0 (0) 2012-2013, 2014-2015, 2017-2020
44%
711 Álvaro Morata FW 47 16 (6) 2017-2019
44%
72 Andy Carroll FW 208 50 (21) 2010-2020
44%
375 Ben Chilwell DF, MF 99 4 (9) 2016-2020
44%
1517 Benni McCarthy FW 6 0 (0) 2010-2011
44%
967 Claudio Bravo GK 29 0 (0) 2016-2017, 2019-2020
44%
383 Daniel Agger DF 98 6 (2) 2010-2014
44%
704 Dimitri Payet MF, FW 48 11 (18) 2015-2017
44%
646 Eric Bailly DF 54 1 (0) 2016-2020
44%
190 Érik Lamela MF, FW 154 16 (25) 2013-2020
44%
497 Fábio DF 75 1 (0) 2010-2013, 2016-2017
44%
524 Fernando Llorente MF, FW 69 17 (5) 2016-2019
44%
1295 Giles Barnes MF, FW 14 0 (0) 2010-2011
44%
991 Giovani Lo Celso MF, FW 28 0 (2) 2019-2020
44%
39 James McCarthy MF 236 12 (11) 2010-2020
44%
46 James Ward-Prowse DF, MF 231 22 (22) 2012-2020
44%
1819 Jason McCarthy DF, MF 1 0 (0) 2014-2015
44%
487 João Moutinho MF 76 2 (14) 2018-2020
44%
90 Joe Allen MF 199 16 (11) 2011-2018
44%
519 José Bosingwa DF 70 1 (3) 2010-2013
44%
1607 Kasey Palmer MF, FW 4 0 (0) 2017-2018
44%
146 Lucas Leiva MF 169 0 (5) 2010-2017
44%
472 Martín Demichelis DF, MF 78 3 (1) 2013-2016
44%
115 Nathaniel Clyne DF 185 4 (10) 2012-2019
44%
122 Oriol Romeu MF 181 4 (0) 2011-2012, 2015-2020
44%
1868 Paddy McCarthy DF 1 0 (0) 2013-2014
44%
1284 Patrick Vieira MF 15 2 (0) 2010-2011
44%
853 Radamel Falcao FW 36 5 (4) 2014-2016
44%
440 Rafael DF, MF 85 3 (9) 2010-2015
44%
673 Roberto Soldado FW 52 7 (6) 2013-2015
44%
862 Samuel Eto'o FW 35 12 (3) 2013-2015
44%
320 Scott Parker MF 111 7 (5) 2010-2014
44%
310 Shinji Okazaki MF, FW 114 14 (4) 2015-2019
44%
403 Tom Carroll MF 94 2 (7) 2012-2013, 2014-2018
44%
36 Aaron Lennon MF, FW 238 19 (23) 2010-2020
41%
908 Abou Diaby MF 32 2 (3) 2010-2014
41%
532 Álvaro Negredo FW 68 18 (8) 2013-2014, 2016-2017
41%
70 Andros Townsend MF, FW 209 21 (21) 2012-2020
41%
534 Bryan Ruiz MF, FW 68 8 (13) 2011-2014
41%
224 Calum Chambers DF, MF 139 6 (2) 2013-2020
41%
307 Dominic Calvert-Lewin FW 114 24 (9) 2016-2020
41%
722 Fabian Schär DF, MF 46 6 (1) 2018-2020
41%
1293 Fitz Hall DF, FW 14 0 (0) 2011-2012
41%
535 Graziano Pellè FW 68 23 (8) 2014-2016
41%
1708 Ivan Toney FW 2 0 (0) 2015-2016
41%
506 Jamie Carragher DF, MF 73 0 (1) 2010-2013
41%
275 Jonás Gutiérrez MF 124 7 (8) 2010-2015
41%
198 Kevin Mirallas MF, FW 151 29 (21) 2012-2018
41%
595 Louis Saha FW 61 11 (1) 2010-2013
41%
283 Manuel Lanzini MF, FW 122 20 (13) 2015-2020
41%
361 Marouane Chamakh FW 103 15 (6) 2010-2016
41%
195 Martin Kelly DF, MF 152 0 (5) 2010-2020
41%
1152 Michael Owen FW 20 3 (0) 2010-2013
41%
277 Nacer Chadli MF, FW 124 21 (14) 2013-2018
41%
1612 Obafemi Martins FW 4 0 (0) 2010-2011
41%
743 Paulinho MF 45 6 (3) 2013-2015
41%
331 Pierre Højbjerg MF 109 4 (4) 2016-2020
41%
1343 Ricky Álvarez MF 13 0 (0) 2014-2015
41%
1878 Robert Hall MF, FW 1 0 (0) 2012-2013
41%
481 Sead Kolašinac DF, MF 77 2 (11) 2017-2020
41%
67 Sebastian Larsson MF 211 16 (19) 2010-2017
41%
13 Shane Long FW 270 50 (22) 2011-2020
41%
964 Víctor Valdés GK 30 0 (0) 2014-2015, 2016-2017
41%
1025 Allan Saint-Maximin MF, FW 26 3 (4) 2019-2020
38%
1487 Andy Reid MF 7 0 (0) 2010-2011
38%
1381 Anthony Gordon MF, FW 11 0 (1) 2019-2020
38%
1005 Bobby Reid DF, MF, FW 27 5 (2) 2018-2019
38%
1787 Chris David MF, FW 1 1 (0) 2013-2014
38%
699 Craig Bellamy FW 49 8 (4) 2011-2012, 2013-2014
38%
1230 Craig Gordon GK 16 0 (0) 2010-2012
38%
755 Dan Burn DF 43 0 (0) 2013-2014, 2019-2020
38%
239 Dušan Tadić MF, FW 134 21 (28) 2014-2018
38%
1117 Eddie Nketiah FW 21 3 (1) 2017-2020
38%
1697 Elliot Lee MF, FW 2 0 (0) 2013-2015
38%
340 Fabio Borini MF, FW 107 16 (5) 2012-2017
38%
131 Fabricio Coloccini DF, MF 177 4 (1) 2010-2016
38%
569 Florent Malouda MF, FW 64 15 (7) 2010-2012
38%
342 Fraser Forster GK 107 0 (0) 2014-2019
38%
241 Idrissa Gana Gueye MF 134 3 (5) 2015-2019
38%
1820 Javier Mascherano DF, MF 1 0 (1) 2010-2011
38%
1538 Josh Morris DF, FW 6 0 (1) 2010-2012
38%
882 Kevin Long DF 34 1 (3) 2014-2015, 2016-2020
38%
1275 Kieran Tierney DF, MF 15 1 (1) 2019-2020
38%
323 Lewis Dunk DF 110 6 (5) 2017-2020
38%
1470 Lloyd Kelly DF 8 0 (0) 2019-2020
38%
579 Lucas Torreira MF 63 3 (3) 2018-2020
38%
1075 Magaye Gueye MF, FW 24 1 (3) 2010-2013
38%
26 Marc Albrighton DF, MF, FW 253 17 (37) 2010-2020
38%
1193 Marc Tierney DF 18 0 (1) 2011-2013
38%
429 Martin Dúbravka GK 88 0 (0) 2017-2020
38%
325 Mathew Ryan GK 110 0 (0) 2017-2020
38%
555 Odion Ighalo FW 66 16 (3) 2015-2016, 2019-2020
38%
1752 Pablo Marí DF 2 0 (0) 2019-2020
38%
670 Park Ji-sung MF 52 7 (7) 2010-2013
38%
979 Pedro Neto MF, FW 29 3 (3) 2019-2020
38%
1374 Renato Sanches MF 12 0 (0) 2017-2018
38%
1615 Roman Bednář FW 4 0 (0) 2010-2011
38%
759 Salomon Kalou MF, FW 43 11 (4) 2010-2012
38%
326 Sandro MF 110 4 (2) 2010-2016
38%
1400 Stefan Savić DF, MF 11 1 (0) 2011-2012
38%
675 Stephen Kelly DF 52 0 (0) 2010-2013
38%
473 Steven Reid DF, MF 78 2 (7) 2010-2015
38%
857 Teemu Pukki FW 36 11 (3) 2019-2020
38%
106 Tim Krul GK 193 0 (1) 2010-2015, 2019-2020
38%
300 Tom Heaton GK 116 0 (0) 2014-2015, 2016-2020
38%
163 Troy Deeney FW 163 47 (20) 2015-2020
38%
157 Winston Reid DF 166 6 (2) 2010-2011, 2012-2018
38%
258 Abdoulaye Doucouré MF, FW 129 17 (11) 2016-2020
34%
1379 Adrián López DF 11 0 (0) 2010-2013
34%
153 Ben Mee DF 166 4 (4) 2014-2015, 2016-2020
34%
787 Çağlar Söyüncü DF 40 1 (1) 2018-2020
34%
126 Ciaran Clark DF, MF 178 14 (5) 2010-2015, 2017-2020
34%
872 Danilo DF 34 4 (2) 2017-2019
34%
1640 Derek Boateng MF 3 0 (0) 2013-2014
34%
410 Franco Di Santo MF, FW 92 13 (5) 2010-2013
34%
725 Gervinho MF, FW 46 9 (9) 2011-2013
34%
1808 Hiram Boateng MF, FW 1 0 (0) 2015-2016
34%
560 Issa Diop DF 65 4 (1) 2018-2020
34%
993 Jamal Lewis DF 28 1 (0) 2019-2020
34%
62 James Morrison MF, FW 214 26 (22) 2010-2018
34%
570 Jan Bednarek DF 64 2 (2) 2017-2020
34%
1243 Jérôme Boateng DF 16 0 (0) 2010-2011
34%
1216 João Cancelo DF, MF, FW 17 0 (0) 2019-2020
34%
64 Jonjo Shelvey MF 213 20 (23) 2010-2015, 2017-2020
34%
938 Leandro Trossard MF, FW 31 5 (3) 2019-2020
34%
1396 Liam Moore DF 11 0 (0) 2014-2015
34%
831 Luke Moore FW 37 5 (2) 2011-2013
34%
1366 Luuk de Jong FW 12 0 (1) 2013-2014
34%
729 Mario Lemina MF 46 2 (2) 2017-2019
34%
1735 Mark Hudson DF 2 0 (0) 2013-2014
34%
883 Mason Greenwood MF, FW 34 10 (1) 2018-2020
34%
489 Mathieu Flamini MF 76 3 (1) 2013-2017
34%
900 Memphis MF, FW 33 2 (0) 2015-2017
34%
365 Michel Vorm GK 102 0 (0) 2011-2019
34%
731 Miguel Almirón MF, FW 46 4 (2) 2018-2020
34%
214 Neil Taylor DF, MF 145 0 (5) 2011-2016, 2019-2020
34%
649 Nigel de Jong MF 54 1 (1) 2010-2013
34%
1199 Ravel Morrison MF 18 3 (2) 2013-2014, 2019-2020
34%
1876 Rees Greenwood FW 1 0 (0) 2015-2016
34%
287 Rickie Lambert FW 120 31 (18) 2012-2017
34%
802 Rob Holding DF 39 0 (0) 2016-2020
34%
480 Ruben Loftus-Cheek DF, MF, FW 77 9 (6) 2014-2020
34%
693 Sean Morrison DF 50 3 (3) 2012-2013, 2018-2019
34%
623 Serge Aurier DF, MF 58 3 (9) 2017-2020
34%
1111 Siem de Jong MF, FW 22 1 (1) 2014-2016
34%
1761 Simon Moore GK 2 0 (0) 2019-2020
34%
265 Steven Pienaar MF 128 12 (17) 2010-2017
34%
63 Tom Cleverley MF 214 15 (13) 2010-2020
34%
139 Yohan Cabaye MF 175 26 (14) 2011-2013, 2015-2018
34%
805 Yossi Benayoun MF 39 5 (2) 2010-2013
34%
696 Yves Bissouma MF 50 1 (0) 2018-2020
34%
395 Aaron Hughes DF 94 1 (0) 2010-2014
31%
1181 Andrew Taylor DF, MF 18 0 (0) 2013-2014
31%
455 Arouna Koné FW 81 17 (10) 2012-2017
31%
263 Artur Boruc GK 128 0 (1) 2012-2013, 2015-2016, 2018-2019
31%
1630 Bjørn Helge Riise MF 3 0 (0) 2010-2011
31%
193 Brad Guzan GK 153 0 (1) 2011-2017
31%
807 Bruno Ecuele Manga DF 38 0 (1) 2018-2019
31%
347 Charlie Austin FW 106 34 (9) 2014-2019
31%
504 Charlie Taylor DF 73 0 (2) 2017-2020
31%
228 Cheick Tioté MF 138 1 (6) 2010-2016
31%
505 Danny Murphy MF 73 3 (9) 2010-2012
31%
968 David Ospina GK 29 0 (0) 2014-2018
31%
609 Eliaquim Mangala DF 59 0 (2) 2014-2015, 2017-2018
31%
1236 Fikayo Tomori DF 16 1 (0) 2015-2016, 2019-2020
31%
398 Gastón Ramírez MF, FW 94 9 (12) 2012-2017
31%
878 Jacob Murphy DF, MF, FW 34 1 (2) 2017-2019
31%
343 Jamaal Lascelles DF 107 6 (1) 2015-2016, 2017-2020
31%
8 James McArthur MF 280 23 (18) 2010-2012, 2014-2020
31%
278 James Tarkowski DF 123 5 (3) 2016-2020
31%
1145 Jarrod Bowen MF, FW 20 1 (4) 2016-2017, 2019-2020
31%
209 Jeffrey Schlupp DF, MF, FW 146 11 (7) 2014-2020
31%
1826 Joe Lewis GK 1 0 (0) 2013-2014
31%
430 John Arne Riise DF, MF 87 0 (6) 2011-2014
31%
384 John Heitinga DF, MF 98 3 (1) 2010-2014
31%
1651 Jordan Cook FW 3 0 (0) 2010-2011
31%
313 José Enrique DF 112 2 (9) 2010-2015
31%
129 José Fonte DF 178 7 (3) 2012-2018
31%
816 Josh Murphy MF, FW 38 3 (2) 2013-2014, 2018-2019
31%
1336 Kadeem Harris MF 13 1 (0) 2018-2019
31%
740 Lamine Koné DF 45 3 (1) 2015-2017
31%
1497 Landon Donovan MF, FW 7 0 (3) 2011-2012
31%
390 Leonardo Ulloa FW 96 19 (4) 2014-2018
31%
499 Lewis Cook MF, FW 75 0 (3) 2016-2020
31%
346 Mark Schwarzer GK 107 0 (0) 2010-2015
31%
636 Mathieu Debuchy DF 56 2 (3) 2012-2017
31%
630 Mattéo Guendouzi MF 57 0 (1) 2018-2020
31%
401 Matthew Taylor DF, MF 94 3 (6) 2010-2011, 2012-2015
31%
191 Maya Yoshida DF 154 6 (2) 2012-2020
31%
667 Michu MF, FW 52 20 (4) 2012-2014
31%
639 Nicklas Bendtner FW 55 12 (6) 2010-2011, 2013-2014
31%
748 Nordin Amrabat MF, FW 44 0 (3) 2015-2018
31%
1751 Owen Hargreaves MF 2 0 (0) 2010-2012
31%
109 Patrick van Aanholt DF 189 20 (14) 2011-2012, 2014-2020
31%
1057 Ryan Babel MF, FW 25 6 (3) 2010-2011, 2018-2019
31%
782 Ryan Sessegnon DF, MF, FW 41 2 (6) 2018-2020
31%
17 Ryan Shawcross DF 260 9 (6) 2010-2018
31%
687 Ryan Taylor DF, MF 51 2 (5) 2010-2012, 2014-2015
31%
1109 Sam Gallagher MF, FW 22 1 (0) 2013-2014, 2018-2019
31%
925 Sébastien Haller FW 32 7 (1) 2019-2020
31%
1426 Serge Gnabry DF, MF, FW 10 1 (0) 2012-2013, 2015-2016
31%
584 Shaun Wright-Phillips MF, FW 63 1 (4) 2010-2012, 2014-2015
31%
746 Shay Given GK 45 0 (0) 2011-2012, 2014-2017
31%
863 Simeon Jackson FW 35 4 (2) 2011-2013
31%
156 Stéphane Sessègnon MF, FW 166 25 (21) 2010-2016
31%
961 Stevan Jovetić MF, FW 30 8 (4) 2013-2015
31%
150 Steve Cook DF, MF 168 10 (2) 2015-2020
31%
450 Steven Taylor DF 83 5 (1) 2010-2016
31%
1620 Stuart Taylor GK 4 0 (0) 2012-2013
31%
151 Wayne Hennessey GK 168 0 (0) 2010-2011, 2013-2020
31%
484 Will Hughes MF 77 5 (8) 2017-2020
31%
597 William Gallas DF 61 1 (0) 2010-2013
31%
294 Yannick Bolasie MF, FW 119 11 (17) 2013-2018
31%
110 Aaron Cresswell DF, MF 188 8 (14) 2014-2020
28%
1767 Adam Mitchell MF, FW 1 0 (0) 2012-2013
28%
859 Barry Ferguson MF 35 0 (0) 2010-2011
28%
1688 Brandon Mason DF, MF 2 0 (0) 2016-2017
28%
1631 Brek Shea DF, FW 3 0 (0) 2012-2014
28%
405 Carl Jenkinson DF 93 3 (5) 2011-2016, 2018-2019
28%
99 Cheikhou Kouyaté DF, MF 195 13 (10) 2014-2020
28%
376 Dale Stephens MF 99 1 (5) 2017-2020
28%
254 Damien Delaney DF 130 3 (6) 2013-2018
28%
1063 Dani Ceballos MF 24 0 (2) 2019-2020
28%
212 Daryl Janmaat DF 145 8 (14) 2014-2020
28%
655 David Dunn MF 53 4 (2) 2010-2012
28%
1410 David Murphy DF 10 0 (0) 2010-2011
28%
1793 Demetri Mitchell DF, MF 1 0 (0) 2016-2017
28%
104 Erik Pieters DF, MF 193 1 (11) 2013-2017, 2019-2020
28%
123 Étienne Capoue MF 180 10 (8) 2013-2020
28%
1561 Frazer Richardson DF 5 0 (0) 2012-2013
28%
154 Gabriel Agbonlahor MF, FW 166 28 (17) 2010-2016
28%
206 Glenn Murray FW 148 37 (6) 2013-2015, 2017-2020
28%
1296 Gonzalo Higuaín FW 14 5 (0) 2018-2019
28%
444 Hatem Ben Arfa MF, FW 84 13 (10) 2010-2015
28%
799 Islam Slimani FW 39 8 (5) 2016-2018
28%
413 Jack Stephens DF 91 4 (3) 2016-2020
28%
55 James Tomkins DF, MF 222 11 (7) 2010-2011, 2012-2020
28%
1604 Jamie Murphy MF 4 0 (0) 2017-2018
28%
766 Jannik Vestergaard DF 42 1 (0) 2018-2020
28%
418 Javier Manquillo DF 90 1 (5) 2014-2015, 2016-2020
28%
388 Jóhann Berg Guðmundsson MF, FW 96 7 (17) 2016-2020
28%
996 John McGinn MF, FW 28 3 (3) 2019-2020
28%
308 José Holebas DF, MF 114 6 (14) 2015-2020
28%
1335 Juan Cuadrado DF, FW 13 0 (0) 2014-2016
28%
322 Jussi Jääskeläinen GK 110 0 (1) 2010-2015
28%
648 Kenedy DF, MF, FW 54 4 (3) 2015-2019
28%
242 Kieran Richardson DF, MF 134 11 (10) 2010-2016
28%
1248 Kieron Dyer MF 16 0 (0) 2010-2013
28%
628 Leander Dendoncker DF, MF 57 6 (0) 2018-2020
28%
638 Maarten Stekelenburg GK 55 0 (0) 2013-2014, 2015-2017
28%
613 Martin Petrov MF, FW 59 7 (11) 2010-2012
28%
270 Matt Ritchie DF, MF, FW 126 11 (20) 2015-2016, 2017-2020
28%
851 Max Aarons DF 36 0 (1) 2019-2020
28%
136 Nathan Dyer MF, FW 175 18 (13) 2011-2018
28%
1282 Oliver Skipp DF, MF 15 0 (0) 2018-2020
28%
978 Paulo Ferreira DF 29 0 (2) 2010-2013
28%
556 Raul Meireles MF 66 7 (9) 2010-2013
28%
1154 Reiss Nelson MF, FW 20 1 (0) 2017-2018, 2019-2020
28%
672 Rob Elliot GK 52 0 (1) 2012-2015, 2017-2018
28%
348 Roberto Pereyra DF, MF, FW 106 16 (5) 2016-2020
28%
1200 Rolando Aarons MF, FW 18 2 (1) 2014-2015, 2017-2018
28%
531 Ryan Mason MF 69 3 (5) 2014-2017
28%
1479 Sandro Ramírez MF, FW 8 0 (0) 2017-2018
28%
1093 Shane Ferguson DF, MF 23 0 (1) 2010-2013
28%
652 Stiliyan Petrov MF 54 5 (4) 2010-2012
28%
1428 Takumi Minamino MF, FW 10 0 (0) 2019-2020
28%
982 Tiemoué Bakayoko MF 29 2 (2) 2017-2018
28%
1624 Tyrick Mitchell DF, MF 4 0 (0) 2019-2020
28%
1202 Vedran Ćorluka DF 18 0 (1) 2010-2012
28%
906 Willy Caballero GK 33 0 (0) 2014-2020
28%
617 Wilson Palacios MF 59 0 (0) 2010-2014
28%
1378 Yuri Zhirkov DF, MF 12 0 (2) 2010-2011
28%
387 Aaron Mooy MF, FW 96 9 (6) 2017-2020
25%
1159 Alexander Hleb MF 19 1 (2) 2010-2011
25%
1432 Alexis Mac Allister MF, FW 9 0 (0) 2019-2020
25%
1098 Angus Gunn GK 22 0 (0) 2018-2020
25%
868 Anwar El Ghazi MF, FW 34 4 (4) 2019-2020
25%
566 Bafétimbi Gomis FW 64 13 (0) 2014-2016
25%
793 Ben Gibson DF 39 2 (1) 2016-2017, 2018-2019
25%
426 Brad Friedel GK 88 0 (0) 2010-2014
25%
259 Charlie Daniels DF, MF 129 9 (11) 2015-2020
25%
409 Christian Kabasele DF 92 4 (2) 2016-2020
25%
1044 Danny Collins DF 25 0 (0) 2010-2011
25%
486 Darron Gibson MF 76 2 (6) 2010-2017
25%
795 David Brooks MF, FW 39 8 (5) 2018-2020
25%
360 DeAndre Yedlin DF, MF 103 2 (5) 2014-2015, 2017-2020
25%
1292 Eiður Guðjohnsen MF, FW 14 0 (1) 2010-2011
25%
713 Emile Heskey FW 47 4 (1) 2010-2012
25%
267 Gerard Deulofeu MF, FW 127 20 (21) 2013-2014, 2015-2020
25%
460 Grant Holt FW 80 24 (5) 2011-2014
25%
94 James Collins DF 198 8 (1) 2010-2018
25%
578 Jefferson Lerma DF, MF 63 3 (2) 2018-2020
25%
1822 Jens Lehmann GK 1 0 (0) 2010-2011
25%
813 Joelinton MF, FW 38 2 (2) 2019-2020
25%
514 Jonathan de Guzmán MF 71 9 (9) 2012-2014
25%
536 Jonny Castro DF, MF 68 3 (3) 2018-2020
25%
229 Junior Hoilett MF, FW 138 16 (8) 2010-2012, 2014-2015, 2018-2019
25%
1274 Kevin McDonald MF 15 0 (0) 2018-2019
25%
1104 Kyle Walker-Peters DF 22 0 (5) 2017-2020
25%
292 Luka Milivojević MF 119 27 (5) 2016-2020
25%
500 Matt Doherty DF, MF 75 8 (8) 2011-2012, 2018-2020
25%
621 Nabil Bentaleb MF 58 0 (3) 2013-2015, 2019-2020
25%
685 Nathaniel Chalobah DF, MF 51 0 (1) 2014-2015, 2016-2020
25%
309 Nikica Jelavić FW 114 30 (7) 2011-2016
25%
716 Niko Kranjčar MF 47 5 (2) 2010-2011, 2014-2015
25%
1173 Nolito MF, FW 19 4 (2) 2016-2017
25%
264 Paul Dummett DF 128 2 (0) 2013-2015, 2017-2020
25%
479 Philip Billing MF, FW 77 3 (1) 2017-2020
25%
582 Rafael van der Vaart MF 63 24 (15) 2010-2013
25%
1221 Rodrigo MF, FW 17 1 (1) 2010-2011
25%
467 Ron Vlaar DF 79 2 (2) 2012-2015
25%
1425 Roque Santa Cruz FW 10 0 (0) 2010-2011
25%
288 Ryan Fraser DF, MF, FW 120 16 (26) 2016-2020
25%
392 Shane Duffy DF 96 6 (2) 2011-2012, 2017-2020
25%
167 Steven Nzonzi MF 162 9 (8) 2010-2015
25%
85 Stewart Downing MF, FW 202 18 (25) 2010-2014, 2016-2017
25%
1884 Thomas Robson DF, MF 1 0 (0) 2015-2016
25%
708 Timothy Fosu-Mensah DF 48 0 (1) 2015-2020
25%
1344 Tomáš Souček MF 13 3 (0) 2019-2020
25%
694 Tyrone Mings DF 50 2 (2) 2015-2020
25%
644 Vicente Guaita GK 55 0 (0) 2018-2020
25%
493 Vito Mannone GK 76 0 (0) 2012-2017
25%
625 Willy Boly DF 58 4 (1) 2018-2020
25%
1681 Aaron Rowe FW 2 0 (0) 2018-2019
22%
1260 Adam Armstrong MF, FW 15 0 (1) 2013-2015
22%
927 Adam Webster DF 31 3 (1) 2019-2020
22%
321 Alan Hutton DF 110 3 (4) 2010-2011, 2014-2016
22%
661 Allan McGregor GK 52 0 (0) 2013-2015
22%
1080 André Santos DF, MF 23 2 (0) 2011-2013
22%
911 Andriy Yarmolenko MF, FW 32 7 (1) 2018-2020
22%
464 Benoît Assou-Ekotto DF 79 3 (4) 2010-2013
22%
591 Bernard MF, FW 61 4 (5) 2018-2020
22%
794 Bruno DF 39 0 (1) 2017-2019
22%
169 Claudio Yacob MF 160 1 (1) 2012-2018
22%
512 Clint Hill DF 72 1 (3) 2011-2012, 2014-2015
22%
477 Conor Coady DF 77 0 (0) 2012-2013, 2018-2020
22%
373 Davy Pröpper MF 100 2 (7) 2017-2020
22%
1696 Dionatan Teixeira DF 2 0 (0) 2014-2016
22%
1143 El Hadji Diouf MF, FW 20 0 (3) 2010-2011
22%
951 Emerson Palmieri DF 30 0 (1) 2017-2020
22%
1294 Gabriel Martinelli MF, FW 14 3 (0) 2019-2020
22%
875 Gary Medel DF, MF 34 0 (1) 2013-2014
22%
1215 Harrison Reed MF 17 0 (0) 2013-2017
22%
128 Jack Colback DF, MF 178 9 (10) 2010-2016
22%
25 Jack Cork DF, MF 253 7 (6) 2012-2020
22%
1719 João Carlos Teixeira MF, FW 2 0 (0) 2013-2014, 2015-2016
22%
898 Joe Willock MF, FW 33 1 (1) 2017-2020
22%
49 Jonathan Walters MF, FW 229 43 (19) 2010-2018
22%
538 Joselu FW 68 10 (2) 2015-2016, 2017-2019
22%
767 Jozy Altidore FW 42 1 (1) 2013-2015
22%
260 Kevin Nolan MF 129 30 (9) 2010-2011, 2012-2016
22%
1851 Luke Daniels GK 1 0 (0) 2013-2014
22%
203 Mame Biram Diouf DF, MF, FW 149 26 (9) 2010-2011, 2014-2018
22%
1472 Manuel Almunia GK 8 0 (0) 2010-2011
22%
635 Matěj Vydra MF, FW 56 6 (5) 2013-2014, 2016-2017, 2018-2020
22%
1445 Matthew Longstaff MF 9 2 (0) 2019-2020
22%
692 Matt Upson DF 50 2 (0) 2010-2012, 2014-2015
22%
1035 Mauricio Isla DF, MF 26 0 (2) 2014-2015
22%
243 Mike Williamson DF 134 1 (3) 2010-2015
22%
852 Pablo Fornals MF, FW 36 2 (5) 2019-2020
22%
641 Ramiro Funes Mori DF 55 4 (2) 2015-2018
22%
449 Richard Dunne DF 83 1 (1) 2010-2011, 2014-2015
22%
674 Romain Saïss DF, MF 52 4 (1) 2018-2020
22%
572 Rory Delap MF 64 4 (1) 2010-2013
22%
650 Sammy Ameobi MF, FW 54 2 (3) 2010-2015
22%
1309 Sander Berge MF 14 1 (1) 2019-2020
22%
924 Sean Longstaff MF 32 2 (1) 2018-2020
22%
337 Shola Ameobi FW 108 11 (9) 2010-2015
22%
338 Stephen Ireland MF 108 3 (10) 2010-2015, 2017-2018
22%
1311 Steven Bergwijn MF, FW 14 3 (1) 2019-2020
22%
616 Stuart Armstrong MF, FW 59 8 (5) 2018-2020
22%
244 Tom Huddlestone MF 134 6 (10) 2010-2014, 2016-2017
22%
889 Trézéguet MF, FW 34 6 (1) 2019-2020
22%
1041 Wayne Bridge DF 26 0 (2) 2010-2012
22%
60 Wayne Routledge MF, FW 215 16 (16) 2010-2018
22%
268 Younès Kaboul DF 127 5 (3) 2010-2018
22%
119 Ahmed Elmohamady DF, MF 183 6 (13) 2010-2014, 2016-2017, 2019-2020
19%
368 Ali Al-Habsi GK 101 0 (1) 2010-2013
19%
1627 Álvaro Arbeloa DF 3 0 (0) 2016-2017
19%
145 Àngel Rangel DF 169 4 (4) 2011-2018
19%
458 Arthur Masuaku DF, MF, FW 80 0 (6) 2016-2020
19%
869 Asamoah Gyan FW 34 10 (4) 2010-2012
19%
56 Ashley Westwood MF 221 9 (25) 2012-2020
19%
984 Carles Gil MF, FW 28 2 (1) 2014-2016
19%
459 Christian Atsu MF, FW 80 3 (6) 2014-2015, 2017-2020
19%
645 Costel Pantilimon GK 54 0 (0) 2013-2017
19%
736 Cuco Martina DF, MF 45 1 (3) 2015-2018
19%
164 Dan Gosling DF, MF 162 13 (4) 2010-2013, 2015-2020
19%
949 Darren Randolph GK 30 0 (0) 2015-2016, 2019-2020
19%
1028 Davide Zappacosta DF, MF 26 1 (1) 2017-2019
19%
656 David Marshall GK 53 0 (0) 2013-2014, 2016-2017
19%
1321 Declan Rudd GK 13 0 (0) 2011-2012, 2015-2016
19%
931 Denis Odoi DF 31 0 (1) 2018-2019
19%
608 Dwight McNeil MF, FW 59 5 (11) 2018-2020
19%
1324 Emmanuel Eboué DF, MF 13 1 (0) 2010-2011
19%
737 Enda Stevens DF 45 2 (4) 2012-2013, 2019-2020
19%
933 Esteban Cambiasso MF 31 5 (1) 2014-2015
19%
1048 Ezri Konsa DF 25 1 (2) 2019-2020
19%
1144 Federico Fazio DF 20 0 (0) 2014-2015
19%
1327 Federico Macheda FW 13 1 (0) 2010-2012
19%
1328 Florian Thauvin MF, FW 13 0 (0) 2015-2016
19%
353 Francis Coquelin DF, MF 105 0 (1) 2011-2012, 2014-2018
19%
559 Gabriel Obertan MF, FW 65 2 (8) 2010-2016
19%
724 Gabriel Paulista DF 46 1 (0) 2014-2017
19%
1413 Giovani dos Santos MF, FW 10 0 (0) 2010-2012
19%
1601 Harvey Elliott MF, FW 4 0 (0) 2018-2020
19%
1067 Hendry Thomas MF 24 0 (0) 2010-2011
19%
371 Hugo Rodallega FW 101 16 (8) 2010-2014
19%
1068 Jason Denayer DF 24 0 (0) 2016-2017
19%
1716 Jeffrey Bruma DF 2 0 (0) 2010-2011
19%
453 Jerome Thomas MF, FW 82 4 (6) 2010-2015
19%
1166 Jetro Willems DF, MF 19 2 (2) 2019-2020
19%
448 Joe Ledley MF 83 6 (2) 2013-2017
19%
141 Jonas Olsson DF 173 6 (6) 2010-2017
19%
1835 Jordan Thomas FW 1 0 (0) 2019-2020
19%
291 Jordon Ibe DF, MF, FW 119 4 (10) 2012-2020
19%
715 José Izquierdo MF, FW 47 5 (4) 2017-2019
19%
431 Julián Speroni GK 87 0 (0) 2013-2015, 2017-2019
19%
462 Kiko Femenía DF, FW 80 2 (2) 2017-2020
19%
1661 Luke Thomas DF 3 0 (1) 2019-2020
19%
428 Lys Mousset MF, FW 88 9 (4) 2016-2020
19%
683 Manolo Gabbiadini MF, FW 51 10 (0) 2016-2019
19%
1367 Marcus Olsson DF, FW 12 0 (1) 2011-2012
19%
159 Martin Olsson DF, MF 165 5 (7) 2010-2011, 2013-2014, 2015-2018
19%
884 Matija Nastasić DF 34 0 (0) 2012-2014
19%
730 Max Meyer MF, FW 46 1 (2) 2018-2020
19%
554 Miguel Britos DF 66 2 (2) 2015-2019
19%
82 Mohamed Diamé MF 205 17 (4) 2010-2014, 2017-2019
19%
76 Nathan Redmond MF, FW 207 25 (18) 2013-2014, 2015-2020
19%
1021 Patrick Bamford MF, FW 27 1 (0) 2015-2017
19%
758 Paulo Gazzaniga GK 43 0 (0) 2012-2015, 2017-2020
19%
414 Pedro Obiang MF #N/B 91 3 (3) 2015-2019
19%
565 Philippe Senderos DF 65 2 (2) 2010-2015
19%
171 Robert Snodgrass MF, FW 160 26 (22) 2012-2014, 2016-2017, 2018-2020
19%
248 Saido Berahino MF, FW 133 23 (3) 2013-2018
19%
336 Sam Vokes FW 108 17 (4) 2010-2011, 2014-2015, 2016-2019
19%
751 Sokratis Papastathopoulos DF 44 3 (2) 2018-2020
19%
421 Solly March DF, MF, FW 90 2 (7) 2017-2020
19%
180 Sylvain Distin DF 157 2 (2) 2010-2016
19%
1224 Timm Klose DF 17 1 (0) 2015-2016, 2019-2020
19%
803 Tim Ream DF 39 0 (1) 2011-2012, 2018-2019
19%
1584 Tomasz Kuszczak GK 5 0 (0) 2010-2011
19%
945 Tom Cairney MF, FW 31 1 (1) 2018-2019
19%
1022 Vicente Iborra MF 27 3 (0) 2017-2019
19%
425 Yoan Gouffran MF, FW 89 11 (4) 2012-2016
19%
605 Zoltán Gera MF 60 5 (4) 2010-2014
19%
475 Adel Taarabt MF, FW 77 7 (8) 2011-2015
16%
841 Ademola Lookman MF, FW 36 1 (2) 2016-2019
16%
1114 Ahmed Musa MF, FW 21 2 (1) 2016-2017
16%
909 Aiden McGeady MF, FW 32 1 (3) 2013-2015
16%
653 Ainsley Maitland-Niles DF, MF 53 1 (3) 2014-2015, 2016-2020
16%
1316 Alexander Büttner DF, MF 13 2 (1) 2012-2014
16%
1226 Alexander Sørloth DF, FW 16 0 (0) 2017-2019
16%
619 Aly Cissokho DF 58 0 (1) 2013-2016
16%
311 Andreas Weimann MF, FW 113 17 (8) 2010-2015
16%
511 Anthony Knockaert MF, FW 72 5 (7) 2014-2015, 2017-2019
16%
1406 Axel Tuanzebe DF 10 0 (0) 2016-2017, 2019-2020
16%
947 Ben Godfrey DF 30 0 (0) 2019-2020
16%
327 Ben Watson MF 109 9 (2) 2010-2012, 2015-2018
16%
654 Bojan Krkić MF, FW 53 14 (2) 2014-2018
16%
189 Brede Hangeland DF 154 8 (2) 2010-2016
16%
208 Cameron Jerome FW 146 15 (13) 2010-2013, 2015-2016
16%
306 Charles N'Zogbia DF, FW 114 13 (15) 2010-2012, 2014-2016
16%
41 Chris Brunt DF, MF 235 16 (46) 2010-2018
16%
1042 Chris Mepham DF 25 1 (1) 2018-2020
16%
1354 Christian Poulsen MF 12 0 (0) 2010-2011
16%
1789 Colin Doyle GK 1 0 (0) 2010-2011
16%
285 Connor Wickham MF, FW 120 19 (7) 2011-2016, 2018-2020
16%
194 Craig Cathcart DF 152 5 (1) 2010-2011, 2015-2020
16%
721 Daniel Amartey DF, MF 46 1 (1) 2015-2019
16%
775 David Edwards MF 41 4 (2) 2010-2012
16%
452 Davide Santon DF 82 1 (3) 2011-2014
16%
987 David McGoldrick MF, FW 28 2 (2) 2019-2020
16%
1047 Djibril Sidibé DF, MF 25 0 (4) 2019-2020
16%
1797 Dominic Samuel MF, FW 1 0 (0) 2012-2013
16%
290 Dwight Gayle MF, FW 119 25 (6) 2013-2015, 2017-2018, 2019-2020
16%
848 Emi Buendía MF, FW 36 1 (7) 2019-2020
16%
1212 Emil Krafth DF 17 0 (1) 2019-2020
16%
679 Gaëtan Bong DF 51 0 (0) 2017-2020
16%
610 Gary O'Neil MF 59 1 (4) 2010-2011, 2012-2013, 2015-2016
16%
149 Geoff Cameron DF, MF 168 2 (5) 2012-2018
16%
1564 Gökhan Inler MF 5 0 (0) 2015-2016
16%
1565 Gökhan Töre MF, FW 5 0 (1) 2016-2017
16%
1600 Guillermo Varela DF 4 0 (0) 2015-2016
16%
1298 Iago Aspas MF, FW 14 0 (1) 2013-2014
16%
461 Isaac Hayden DF, MF 80 3 (6) 2017-2020
16%
132 Jake Livermore MF 177 7 (8) 2011-2014, 2016-2018
16%
1331 James Justin DF, MF 13 0 (1) 2019-2020
16%
1713 Jason Davidson DF, MF 2 0 (0) 2014-2015
16%
83 Jason Puncheon MF 204 24 (18) 2010-2019
16%
1714 Jean-Philippe Gbamin DF, MF 2 0 (0) 2019-2020
16%
917 Jean Seri MF 32 1 (2) 2018-2019
16%
551 Jefferson Montero MF, FW 66 1 (10) 2014-2017
16%
281 Jeff Hendrick MF, FW 122 9 (5) 2016-2020
16%
681 Joel Robles GK 51 0 (0) 2012-2017
16%
344 Joey Barton MF 107 9 (15) 2010-2011, 2014-2015, 2016-2017
16%
791 Johan Djourou DF 40 1 (1) 2010-2012
16%
552 Johan Elmander FW 66 11 (10) 2010-2011, 2013-2014
16%
1146 John Carew FW 20 1 (1) 2010-2011
16%
1187 John Mensah DF 18 0 (1) 2010-2011
16%
296 John Ruddy GK 118 0 (0) 2011-2013, 2015-2016, 2018-2019
16%
527 Jonas Lössl GK 69 0 (2) 2017-2019
16%
728 Jon Flanagan DF 46 1 (2) 2010-2011, 2013-2014, 2015-2017
16%
471 Jordon Mutch MF 78 7 (7) 2010-2011, 2013-2017
16%
1417 Josh Brownhill MF 10 0 (0) 2019-2020
16%
1218 Juan Carlos Paredes DF, MF 17 0 (0) 2015-2016
16%
1247 Juan Foyth DF 16 1 (0) 2018-2020
16%
1169 Keiren Westwood GK 19 0 (0) 2011-2012, 2013-2014
16%
587 Kevin Doyle FW 62 9 (11) 2010-2011, 2014-2015
16%
1657 Kim Källström MF 3 0 (0) 2013-2014
16%
919 Lazar Marković MF, FW 32 4 (1) 2014-2015, 2016-2017, 2018-2019
16%
207 Lee Cattermole MF 147 2 (0) 2010-2017
16%
1727 Leon Clarke MF, FW 2 0 (0) 2019-2020
16%
1660 Liam O'Neil DF, MF 3 0 (0) 2013-2014
16%
1730 Mamady Sidibé FW 2 0 (0) 2010-2011
16%
1172 Marco van Ginkel MF, FW 19 0 (0) 2013-2014, 2015-2016
16%
1859 Maurice Edu DF, MF 1 0 (0) 2012-2013
16%
1252 M'Baye Niang MF, FW 16 2 (2) 2016-2017
16%
420 Mile Jedinak MF 90 6 (4) 2013-2017
16%
901 Morgan Gibbs-White MF, FW 33 0 (1) 2018-2020
16%
466 Nathan Baker DF 79 0 (0) 2010-2015
16%
834 Neal Maupay MF, FW 37 10 (3) 2019-2020
16%
1371 Nikola Vlašić MF, FW 12 0 (0) 2017-2018
16%
1078 Noel Hunt MF, FW 24 2 (0) 2012-2013
16%
1503 Nuri Şahin MF 7 1 (1) 2012-2013
16%
669 Oliver McBurnie MF, FW 52 6 (1) 2016-2017, 2019-2020
16%
261 Peter Odemwingie FW 129 36 (13) 2010-2016
16%
801 Ragnar Klavan DF 39 1 (0) 2016-2018
16%
221 Robbie Brady DF, MF, FW 141 9 (12) 2013-2020
16%
589 Ronnie Stam DF, MF 62 1 (1) 2010-2013
16%
904 Rúben Vinagre DF, MF 33 0 (0) 2018-2020
16%
771 Ryan Fredericks DF, FW 42 1 (3) 2018-2020
16%
1760 Sam Hutchinson DF, MF 2 0 (0) 2011-2012
16%
923 Scott Carson GK 32 0 (0) 2010-2011
16%
98 Scott Dann DF 196 15 (9) 2010-2011, 2013-2020
16%
482 Sebastian Prödl DF, MF 77 3 (1) 2015-2020
16%
293 Sébastien Bassong DF 119 5 (2) 2010-2013, 2015-2016
16%
1092 Sébastien Squillaci DF 23 1 (0) 2010-2012
16%
1507 Silvestre Varela MF, FW 7 1 (0) 2014-2015
16%
1481 Simone Zaza FW 8 0 (0) 2016-2017
16%
237 Simon Francis DF 136 0 (8) 2015-2020
16%
752 Stephen Hunt MF, FW 44 6 (3) 2010-2012
16%
615 Steve Mounié FW 59 9 (4) 2017-2019
16%
280 Steven Caulker DF 123 8 (2) 2011-2016
16%
1887 Tommy Doyle MF 1 0 (0) 2019-2020
16%
643 Valon Behrami DF, MF 55 2 (3) 2010-2011, 2015-2017
16%
946 Vincent Janssen FW 31 2 (2) 2016-2019
16%
178 Youssouf Mulumbu MF 158 11 (9) 2010-2016
16%
786 Adam Masina DF 40 1 (1) 2018-2020
13%
201 Adrian Mariappa DF 149 2 (1) 2012-2020
13%
367 Alexander Tettey DF, MF 101 4 (1) 2012-2013, 2015-2016, 2019-2020
13%
928 Alfred N'Diaye DF, MF 31 1 (0) 2012-2013, 2016-2017
13%
404 Allan Nyom DF, MF 93 0 (3) 2015-2018
13%
1160 Anders Lindegaard GK 19 0 (0) 2011-2014
13%
1262 Andrej Kramarić MF, FW 15 2 (2) 2014-2016
13%
232 Andrew Surman MF 137 6 (9) 2011-2012, 2015-2020
13%
485 Andy Wilkinson DF 76 0 (1) 2010-2014
13%
1317 Badou Ndiaye MF 13 2 (1) 2017-2018
13%
575 Benik Afobe FW 63 10 (3) 2015-2018
13%
576 Boaz Myhill GK 63 0 (0) 2010-2011, 2012-2015, 2017-2018
13%
393 Bobby Zamora FW 95 19 (15) 2010-2012, 2014-2015
13%
662 Bruno Martins Indi DF 52 1 (0) 2016-2018
13%
598 Bryan Oviedo DF, MF 60 2 (4) 2012-2017
13%
870 Callum Hudson-Odoi DF, MF, FW 34 1 (6) 2017-2020
13%
698 Cenk Tosun FW 49 10 (3) 2017-2020
13%
762 Chancel Mbemba DF 42 0 (0) 2015-2016, 2017-2018
13%
1137 Chris Gunter DF, MF 20 0 (0) 2012-2013
13%
607 Christopher Samba DF 59 6 (2) 2010-2013
13%
111 Craig Gardner MF 188 25 (12) 2010-2017
13%
1434 Daniel Podence MF, FW 9 1 (0) 2019-2020
13%
620 Elliott Bennett DF, MF 58 2 (7) 2011-2014
13%
1213 Emmanuel Frimpong MF 17 0 (2) 2011-2013
13%
84 Gareth McAuley DF 203 15 (3) 2011-2018
13%
1239 Gary Gardner MF 16 0 (0) 2011-2013
13%
809 George Baldock DF 38 2 (3) 2019-2020
13%
1163 Georges-Kévin N'Koudou MF, FW 19 0 (1) 2016-2020
13%
57 Glenn Whelan MF 218 1 (9) 2010-2017
13%
739 Grant Hanley DF 45 2 (0) 2010-2011, 2019-2020
13%
971 Jaïro Riedewald DF, MF 29 0 (0) 2017-2018, 2019-2020
13%
1814 Jamar Loza MF, FW 1 0 (0) 2013-2014
13%
176 James McClean DF, MF, FW 158 11 (9) 2011-2012, 2015-2018
13%
896 Jamie O'Hara MF 33 5 (2) 2010-2012
13%
860 Jermaine Jenas MF 35 2 (1) 2010-2013
13%
1332 Jesé MF, FW 13 1 (1) 2017-2018
13%
1333 João Mário MF 13 2 (1) 2017-2018
13%
602 Joe Bennett DF, MF 60 0 (3) 2012-2013, 2018-2019
13%
850 John Egan DF 36 2 (0) 2019-2020
13%
1271 Jonathan Parr DF 15 0 (0) 2013-2014
13%
664 Jordi Amat DF 52 0 (0) 2013-2017
13%
1836 José Ángel Crespo DF 1 0 (0) 2015-2016
13%
1654 Josh Cullen MF 3 0 (0) 2015-2016, 2017-2018
13%
354 Junior Stanislas MF, FW 105 21 (12) 2010-2011, 2015-2020
13%
918 Kevin Wimmer DF 32 0 (0) 2015-2018
13%
113 Ki Sung-yueng MF 187 15 (9) 2012-2020
13%
1658 Kostas Mitroglou FW 3 0 (0) 2013-2014
13%
634 Laurent Depoitre FW 56 6 (2) 2017-2019
13%
973 Leon Best FW 29 10 (2) 2010-2012
13%
202 Leon Britton MF 149 0 (1) 2011-2018
13%
170 Leon Osman MF 160 19 (14) 2010-2016
13%
817 Lewis Holtby MF, FW 38 2 (5) 2012-2015
13%
580 Marc-Antoine Fortuné FW 63 6 (4) 2010-2013
13%
957 Marcin Wasilewski DF 30 1 (0) 2014-2017
13%
1543 Marko Marin MF, FW 6 1 (1) 2012-2013
13%
144 Matthew Jarvis MF 171 17 (14) 2010-2016
13%
142 Matthew Lowton DF 172 2 (12) 2012-2014, 2016-2020
13%
516 Matt Targett DF, MF 71 2 (6) 2014-2020
13%
976 Mauro Zárate MF, FW 29 5 (1) 2014-2017
13%
1611 Max Kilman DF 4 0 (0) 2018-2020
13%
1665 Michael Bradley DF, MF 3 0 (0) 2010-2011
13%
1667 Miguel Layún DF, MF 3 1 (0) 2015-2016
13%
684 Modou Barrow MF, FW 51 1 (5) 2014-2017
13%
1254 Mohamed Elyounoussi MF, FW 16 0 (0) 2018-2019
13%
668 Morgan Amalfitano MF 52 7 (4) 2013-2015
13%
540 Morten Gamst Pedersen MF, FW 68 7 (10) 2010-2012
13%
65 Phil Bardsley DF 213 7 (4) 2010-2020
13%
1877 Rekeem Harper MF 1 0 (0) 2017-2018
13%
749 Ritchie De Laet DF 44 2 (1) 2011-2012, 2014-2016
13%
1755 Rob Edwards DF 2 0 (0) 2010-2011
13%
1478 Roberto GK 8 0 (0) 2019-2020
13%
1450 Robert Pirès MF, FW 9 0 (0) 2010-2011
13%
1286 Ross Wallace MF, FW 15 1 (0) 2014-2015
13%
319 Ryan Bennett DF 111 3 (0) 2011-2013, 2015-2016, 2018-2020
13%
1759 Sam Baldock FW 2 0 (0) 2017-2018
13%
523 Sofiane Boufal MF, FW 70 3 (5) 2016-2017, 2019-2020
13%
1130 Sofiane Feghouli MF, FW 21 3 (2) 2016-2017
13%
1310 Stephan Lichtsteiner DF 14 0 (0) 2018-2019
13%
718 Steve Harper GK 47 0 (0) 2010-2011, 2012-2015
13%
1454 Steve Mandanda GK 9 0 (0) 2016-2017
13%
688 Steven Defour MF 51 2 (4) 2016-2019
13%
299 Steven Naismith MF, FW 116 20 (5) 2012-2016
13%
333 Steve Sidwell MF 109 14 (6) 2010-2016
13%
1583 Tahith Chong MF, FW 5 0 (0) 2018-2020
13%
747 Terence Kongolo DF 45 1 (1) 2017-2019
13%
839 Todd Cantwell MF, FW 37 6 (2) 2019-2020
13%
1553 Tom Edwards DF, MF 6 0 (0) 2017-2018
13%
709 Tom Ince MF, FW 48 3 (1) 2013-2014, 2017-2018
13%
266 Victor Anichebe FW 128 20 (8) 2010-2017
13%
315 Wes Hoolahan MF 112 12 (19) 2011-2013, 2015-2016
13%
840 Yann M'Vila MF 37 1 (4) 2015-2016
13%
1258 Yohan Benalouane DF 16 0 (0) 2015-2018
13%
1765 Aaron McLean FW 1 0 (0) 2013-2014
9%
1314 Aboubakar Kamara MF, FW #N/B 13 3 (0) 2018-2019
9%
1095 Adama Diomande FW 22 2 (0) 2016-2017
9%
1024 Ádám Bogdán GK 26 0 (0) 2010-2011, 2015-2016
9%
867 Adam le Fondre FW 34 12 (1) 2012-2013
9%
1685 Andy O'Brien DF 2 0 (0) 2010-2011
9%
1433 Anthony Modeste FW 9 0 (0) 2011-2012
9%
495 Anthony Pilkington MF, FW 75 14 (5) 2011-2014
9%
1289 Arnaut Danjuma MF, FW 14 0 (0) 2019-2020
9%
712 Bakary Sako MF, FW 47 5 (1) 2015-2019
9%
433 Barry Bannan MF 86 2 (5) 2010-2015
9%
1516 Ben Woodburn MF, FW 6 0 (0) 2016-2018
9%
843 Bernardo DF, MF 36 0 (1) 2018-2020
9%
735 Callum McManaman MF, FW 45 2 (2) 2010-2012, 2014-2016
9%
599 Carlos Cuéllar DF 60 1 (3) 2010-2014
9%
1634 Charly Musonda Jr. MF, FW 3 0 (0) 2017-2018
9%
627 Chico Flores DF 57 3 (0) 2012-2014
9%
1592 Chris Kirkland GK 4 0 (0) 2010-2011
9%
503 Christopher Schindler DF 74 1 (1) 2017-2019
9%
1593 Chuba Akpom MF, FW 4 0 (0) 2013-2015
9%
1464 Clinton N'Jie MF, FW 8 0 (1) 2015-2016
9%
986 Cyrus Christie DF, MF 28 0 (1) 2018-2019
9%
328 Danny Graham FW 109 17 (5) 2011-2016
9%
1320 Danny Pugh DF, MF 13 0 (0) 2010-2012
9%
1264 David Bentley MF 15 0 (1) 2010-2011
9%
1595 David Button GK 4 0 (0) 2018-2019
9%
950 David Fox MF 30 0 (3) 2011-2013
9%
593 David N'Gog FW 61 5 (5) 2010-2011, 2013-2014
9%
1560 David Pizarro MF 5 0 (1) 2011-2012
9%
1011 Dennis Praet MF, FW 27 1 (2) 2019-2020
9%
1435 Diego Lugano DF 9 1 (0) 2013-2014
9%
796 Diego Rico DF, MF 39 0 (4) 2018-2020
9%
1411 Diomansy Kamara FW 10 2 (0) 2010-2011
9%
1322 Donald Love DF, MF 13 0 (1) 2015-2017
9%
1118 Eduardo Vargas MF, FW 21 3 (2) 2014-2015
9%
442 Emmerson Boyce DF 84 7 (1) 2010-2013
9%
989 Erik Durm DF, FW 28 0 (1) 2018-2019
9%
990 Ezequiel Schelotto DF 28 0 (0) 2017-2018, 2019-2020
9%
1031 Florin Andone FW 26 4 (0) 2018-2020
9%
1238 Gaël Kakuta MF, FW 16 1 (0) 2010-2012
9%
876 George McCartney DF 34 0 (2) 2012-2014
9%
525 Guy Demel DF, MF 69 1 (2) 2012-2015
9%
498 Hal Robson-Kanu MF, FW 75 12 (3) 2012-2013, 2016-2018
9%
399 Harry Arter MF 94 3 (4) 2015-2019
9%
647 Isaac Success MF, FW 54 2 (2) 2016-2017, 2018-2020
9%
1526 Ishmael Miller FW 6 0 (0) 2010-2011
9%
1086 Ivan Cavaleiro MF, FW 23 3 (1) 2018-2019
9%
286 Jack Rodwell DF, MF 120 8 (3) 2010-2016, 2019-2020
9%
1710 James Garner DF, MF 2 0 (0) 2018-2020
9%
1711 James Tavernier DF 2 0 (0) 2012-2013
9%
545 Jean Beausejour DF, FW 67 3 (12) 2010-2013
9%
562 Jermaine Pennant MF 65 4 (14) 2010-2014
9%
1392 Jerome Sinclair MF, FW 11 0 (0) 2014-2015, 2016-2018
9%
994 Joe Bryan DF, MF 28 0 (1) 2018-2019
9%
611 Joey O'Brien DF, MF 59 2 (4) 2012-2015
9%
1393 Jon Gorenc Stanković DF, MF 11 1 (0) 2018-2019
9%
936 Jonjoe Kenny DF 31 0 (2) 2015-2019
9%
1416 Jordan Amavi DF 10 0 (2) 2015-2016
9%
1052 Jordan Veretout MF 25 0 (5) 2015-2016
9%
814 Jordy Clasie MF 38 1 (1) 2015-2017
9%
1017 José Manuel Jurado MF 27 0 (0) 2015-2016
9%
1334 Josh Onomah MF, FW 13 0 (0) 2015-2017
9%
1147 Josh Sims MF, FW 20 0 (2) 2016-2019
9%
1071 Júlio César GK 24 0 (0) 2012-2013
9%
1123 Juninho Bacuna DF, MF, FW 21 1 (0) 2018-2019
9%
881 Jürgen Locadia MF, FW 34 3 (1) 2017-2020
9%
1394 Kei Kamara FW 11 1 (1) 2012-2013
9%
1170 Keith Andrews MF 19 2 (1) 2010-2012
9%
830 Kenny McLean MF 37 1 (1) 2019-2020
9%
1656 Kevin Mbabu DF 3 0 (0) 2015-2016
9%
1496 Konstantinos Mavropanos DF 7 0 (0) 2017-2019
9%
1190 Kortney Hause DF 18 1 (0) 2019-2020
9%
135 Kyle Naughton DF 175 1 (8) 2011-2018
9%
1845 Lasse Sørensen MF 1 0 (0) 2017-2018
9%
389 Leandro Bacuna DF, MF 96 6 (6) 2013-2015, 2018-2019
9%
1469 Leon Balogun DF 8 1 (0) 2018-2019
9%
1849 Lucas Piazon MF, FW 1 0 (1) 2012-2013
9%
940 Luciano Narsingh MF, FW 31 1 (2) 2016-2018
9%
1442 Luis Alberto MF, FW 9 0 (1) 2013-2014
9%
1729 Lukas Nmecha MF, FW 2 0 (0) 2017-2018
9%
629 Marc Muniesa DF, MF 57 1 (0) 2013-2017
9%
546 Marc Pugh MF, FW 67 5 (4) 2015-2018
9%
563 Mason Holgate DF 65 0 (4) 2016-2020
9%
588 Mathias Jørgensen DF 62 3 (3) 2017-2019
9%
1737 Matt Miazga DF 2 0 (0) 2015-2016
9%
1054 Max Gradel MF, FW 25 1 (2) 2015-2017
9%
1860 Max Thompson FW 1 0 (0) 2019-2020
9%
432 Michael Turner DF 87 3 (0) 2010-2014
9%
733 Muhamed Bešić DF, MF 46 0 (0) 2014-2015, 2017-2018, 2019-2020
9%
402 Nedum Onuoha DF 94 1 (2) 2010-2012, 2014-2015
9%
1422 Nélson Oliveira FW 10 1 (0) 2014-2015
9%
1546 Nick Powell MF, FW 6 1 (0) 2012-2013, 2014-2016
9%
1281 Oliver Burke MF, FW 15 0 (2) 2017-2018
9%
564 Oumar Niasse MF, FW 65 12 (3) 2015-2020
9%
902 Paddy Kenny GK 33 0 (0) 2011-2012
9%
770 Paul Konchesky DF, FW 42 1 (2) 2010-2011, 2014-2015
9%
1174 Rachid Ghezzal MF, FW 19 1 (0) 2018-2019
9%
1577 Reece Burke DF 5 0 (0) 2014-2015
9%
1448 Ricardo Gardner DF, MF 9 0 (1) 2010-2012
9%
1056 Ricky van Wolfswinkel MF, FW 25 1 (1) 2013-2014
9%
1449 Robbie Blake MF, FW 9 1 (0) 2010-2012
9%
750 Sam Byram DF, MF 44 0 (1) 2015-2017, 2019-2020
9%
835 Sam Ricketts DF 37 1 (1) 2010-2012
9%
435 Scott Arfield MF, FW 86 5 (4) 2014-2015, 2016-2018
9%
391 Scott Sinclair MF, FW 96 12 (4) 2011-2016
9%
980 Sergio Rico GK 29 0 (0) 2018-2019
9%
981 Stéphane Mbia DF, MF 29 0 (3) 2012-2013
9%
1455 Steven Berghuis MF, FW 9 0 (2) 2015-2016
9%
1457 Tariq Lamptey DF, MF, FW 9 0 (1) 2019-2020
9%
962 Thomas Sørensen GK 30 0 (0) 2010-2011, 2013-2014
9%
1402 Tyler Blackett DF 11 0 (0) 2014-2015
9%
1625 Víctor Ibarbo MF, FW 4 0 (0) 2015-2016
9%
1023 Vlad Chiricheș DF 27 1 (0) 2013-2015
9%
349 Vurnon Anita DF, MF 106 2 (5) 2012-2016
9%
1893 Will Norris GK 1 0 (0) 2018-2019
9%
618 Zat Knight DF 59 1 (0) 2010-2012
9%
1060 Aaron Connolly FW 24 3 (1) 2019-2020
6%
1205 Abdoulaye Faye DF, MF 17 1 (0) 2010-2011, 2013-2014
6%
866 Adam Clayton MF 34 0 (2) 2016-2017
6%
965 Adam Federici GK 29 0 (0) 2012-2013, 2015-2017
6%
1766 Adam Matthews DF, MF 1 0 (0) 2015-2016
6%
517 Adlène Guedioura MF 70 1 (3) 2010-2011, 2013-2017
6%
806 Ahmed Hegazi DF 38 2 (0) 2017-2018
6%
1586 Aiden O'Neill MF 4 0 (0) 2016-2018
6%
1682 Albert Adomah DF, FW 2 0 (0) 2016-2017
6%
1380 Aleksandar Dragović DF, MF 11 0 (0) 2017-2018
6%
1206 Aleksandar Tonev MF 17 0 (0) 2013-2014
6%
1588 Alessandro Diamanti MF, FW 4 0 (0) 2010-2011, 2015-2016
6%
702 Alex Pritchard MF, FW 48 3 (1) 2013-2014, 2015-2016, 2017-2019
6%
966 Alireza Jahanbakhsh MF, FW 29 2 (0) 2018-2020
6%
983 André Carrillo MF, FW 28 1 (2) 2017-2018
6%
1097 Andre-Frank Zambo Anguissa MF 22 0 (0) 2018-2019
6%
703 Andre Wisdom DF 48 0 (2) 2012-2016
6%
1514 Angeliño DF, FW 6 0 (0) 2019-2020
6%
446 Antolín Alcaraz DF 83 3 (1) 2010-2015
6%
1774 Armando Broja FW 1 0 (0) 2019-2020
6%
676 Aron Gunnarsson DF, MF 51 2 (3) 2013-2014, 2018-2019
6%
1161 Ben Hamer GK 19 0 (0) 2014-2015, 2017-2019
6%
1352 Benjamin Stambouli DF, MF 12 0 (0) 2014-2015
6%
929 Ben Turner DF 31 0 (1) 2013-2014
6%
1007 Brett Holman MF, FW 27 1 (3) 2012-2013
6%
1784 Callum Connolly DF, MF 1 0 (0) 2015-2016
6%
1009 Callum Paterson MF, FW 27 4 (1) 2018-2019
6%
1463 Carlo Cudicini GK 8 0 (0) 2010-2011
6%
1353 Carlos Vela MF, FW 12 3 (1) 2010-2011
6%
434 Chris Baird DF, MF 86 4 (1) 2010-2012, 2014-2015
6%
788 Chris Basham DF, MF 40 0 (2) 2010-2011, 2019-2020
6%
844 Chris Herd DF, MF 36 1 (0) 2010-2014
6%
1210 Christoph Zimmermann DF 17 0 (1) 2019-2020
6%
1010 Conor Hourihane MF 27 3 (5) 2019-2020
6%
1211 Craig Noone MF, FW 17 1 (1) 2013-2014
6%
1082 Cristhian Stuani MF, FW 23 4 (0) 2016-2017
6%
1116 Daniel Ayala DF 21 1 (0) 2011-2012, 2016-2017
6%
1083 Danny Fox DF, MF 23 1 (2) 2012-2014
6%
550 Danny Gabbidon DF 66 1 (0) 2010-2011, 2013-2014
6%
406 David Meyler MF 93 4 (3) 2010-2014, 2016-2017
6%
893 David Nugent FW 33 5 (2) 2014-2015, 2016-2017
6%
441 David Vaughan MF 84 5 (3) 2010-2014
6%
1490 Davy Klaassen MF 7 0 (0) 2017-2018
6%
776 Dean Marney MF 41 1 (3) 2014-2015, 2016-2017
6%
1139 Dean Moxey DF, FW 20 0 (1) 2013-2014
6%
374 Dean Whitehead DF, MF 100 3 (3) 2010-2012, 2017-2018
6%
1064 Dedryck Boyata DF 24 1 (0) 2010-2011, 2013-2015
6%
777 Dieumerci Mbokani FW 41 7 (2) 2015-2017
6%
1795 Dodi Lukebakio MF, FW 1 0 (0) 2017-2018
6%
1358 Domingos Quina MF, FW 12 1 (0) 2018-2020
6%
828 Duncan Watmore MF, FW 37 3 (3) 2015-2017
6%
1325 Emmanuel Emenike FW 13 0 (0) 2015-2016
6%
1030 Emmanuel Rivière FW 26 1 (1) 2014-2016
6%
915 Eric Lichaj DF 32 1 (2) 2010-2013
6%
1065 Esteban Granero MF 24 1 (1) 2012-2013
6%
1800 Ethan Ampadu DF, MF 1 0 (0) 2017-2018
6%
789 Fabián Balbuena DF 40 2 (0) 2018-2020
6%
633 Fabrice Muamba MF 56 2 (1) 2010-2012
6%
765 Florian Lejeune DF 42 2 (2) 2017-2020
6%
1644 Garry O'Connor FW 3 0 (0) 2010-2011
6%
370 George Boyd MF, FW 101 9 (5) 2013-2014, 2016-2017
6%
877 Gonzalo Jara DF, MF 34 1 (1) 2010-2013
6%
240 Graham Dorrans MF, FW 134 8 (10) 2010-2016
6%
1493 Guido Carrillo FW 7 0 (1) 2017-2018
6%
1240 Heiðar Helguson FW 16 8 (2) 2011-2012
6%
700 Ibrahim Afellay MF, FW 49 2 (2) 2015-2018
6%
1568 Ignasi Miquel DF 5 0 (0) 2011-2013
6%
680 Ivan Klasnić FW 51 12 (5) 2010-2012
6%
1811 Jake Clarke-Salter DF 1 0 (0) 2015-2016
6%
1440 James Beattie FW 9 0 (3) 2010-2011
6%
600 James Chester DF 60 3 (0) 2013-2016
6%
1299 James McFadden MF, FW 14 0 (1) 2010-2013
6%
1529 Japhet Tanganga DF 6 0 (0) 2019-2020
6%
1605 Jarrad Branthwaite DF 4 0 (0) 2019-2020
6%
1016 Jay Spearing MF 27 0 (1) 2010-2012
6%
1103 Jeremain Lens MF, FW 22 3 (3) 2015-2017
6%
1718 Jesús Vallejo DF 2 0 (0) 2019-2020
6%
812 Jobi McAnuff MF 38 0 (7) 2012-2013
6%
954 John Fleck MF 30 5 (2) 2019-2020
6%
1533 John Guidetti FW 6 0 (0) 2013-2014
6%
880 John Lundstram MF 34 5 (3) 2019-2020
6%
1246 Jonathan Calleri FW 16 1 (0) 2016-2017
6%
1217 Jonathan Woodgate DF 17 0 (0) 2011-2012
6%
815 Jores Okore DF 38 1 (0) 2013-2016
6%
1837 Josh Harrop MF 1 1 (0) 2016-2017
6%
1272 Josh McEachran MF 15 0 (0) 2010-2012
6%
1655 Josh Vela DF, MF 3 0 (0) 2011-2012
6%
1721 Juan Iturbe MF, FW 2 0 (0) 2015-2016
6%
1364 Juanmi MF, FW 12 0 (0) 2015-2016
6%
1441 Julien Faubert DF, FW 9 0 (0) 2010-2011
6%
1273 Kamil Grosicki MF, FW 15 0 (3) 2016-2017
6%
1838 Karim Rekik DF 1 0 (0) 2012-2013
6%
1089 Kerim Frei MF 23 0 (0) 2011-2013
6%
1540 Kevin Danso DF, MF 6 0 (1) 2019-2020
6%
1395 Kevin Stewart DF, MF 11 0 (0) 2015-2017
6%
1125 Kyle Bartley DF 21 0 (0) 2012-2015, 2017-2018
6%
939 Lee Grant GK 31 0 (0) 2016-2018
6%
314 Liam Ridgewell DF 112 6 (2) 2010-2014
6%
1105 Luís Boa Morte MF, FW 22 0 (2) 2010-2011
6%
1443 Maicon Sisenando DF 9 0 (0) 2012-2013
6%
800 Mark Bunn GK 39 0 (0) 2010-2012, 2015-2016
6%
1663 Mark Travers GK 3 0 (0) 2018-2020
6%
1000 Markus Rosenberg FW 28 0 (2) 2012-2014
6%
665 Martín Montoya DF, MF 52 0 (2) 2018-2020
6%
975 Marvelous Nakamba MF 29 0 (0) 2019-2020
6%
818 Massadio Haïdara DF, MF 38 0 (1) 2012-2015, 2017-2018
6%
1444 Matthew Connolly DF 9 0 (0) 2011-2012, 2013-2014
6%
358 Matthew Etherington MF 104 8 (13) 2010-2014
6%
1251 Matthew Kilgallon DF 16 0 (0) 2011-2013
6%
1036 Maxime Le Marchand DF 26 0 (1) 2018-2019
6%
227 Maynor Figueroa DF 139 2 (3) 2010-2015
6%
553 Michael Kightly MF, FW 66 7 (4) 2010-2012, 2014-2015, 2016-2017
6%
1077 Mikel Merino MF 24 1 (1) 2017-2018
6%
1037 Mladen Petrić FW 26 5 (1) 2012-2014
6%
1544 Molla Wagué DF 6 1 (0) 2017-2018
6%
1447 Nahki Wells MF, FW 9 0 (0) 2017-2018
6%
819 Neil Etheridge GK 38 0 (0) 2018-2019
6%
1197 Nikola Kalinić FW 18 5 (1) 2010-2011
6%
1055 Nikola Žigić FW 25 5 (3) 2010-2011
6%
820 Oliver Norwood MF 38 1 (1) 2019-2020
6%
1423 Ondrej Duda MF, FW 10 0 (0) 2019-2020
6%
921 Oussama Assaidi MF, FW 32 4 (1) 2012-2015
6%
1749 Ovie Ejaria MF, FW 2 0 (0) 2016-2017
6%
903 Paddy McNair DF, MF 33 0 (0) 2014-2017
6%
821 Pajtim Kasami MF, FW 38 3 (0) 2011-2014
6%
706 Pape Souaré DF 48 0 (1) 2014-2019
6%
490 Paul Scharner DF, MF 76 7 (4) 2010-2013
6%
1871 Pedro Chirivella MF 1 0 (0) 2015-2016
6%
922 Peter Whittingham MF 32 3 (5) 2013-2014
6%
744 Philipp Wollscheid DF 45 0 (0) 2014-2017
6%
1175 Radosav Petrović DF, MF 19 0 (0) 2011-2012
6%
822 Rajiv van La Parra MF, FW 38 3 (0) 2017-2019
6%
745 Ramadan Sobhi MF, FW 45 2 (1) 2016-2019
6%
1285 Răzvan Raț DF 15 0 (0) 2013-2014
6%
943 Rémy Cabella MF, FW 31 1 (2) 2014-2015
6%
1107 Robert Koren DF, MF 22 2 (0) 2013-2014
6%
1375 Roger Espinoza DF, MF 12 1 (2) 2012-2013
6%
888 Roman Pavlyuchenko FW 34 11 (4) 2010-2012
6%
1399 Roque Mesa MF 11 0 (0) 2017-2018
6%
642 Ryan Nelsen DF 55 4 (3) 2010-2013
6%
707 Ryan Shotton DF, FW 48 1 (2) 2010-2013
6%
1222 Ryo Miyaichi MF, FW 17 0 (2) 2011-2014
6%
1110 Scott Malone DF 22 0 (1) 2017-2018
6%
836 Sebastián Coates DF 37 1 (3) 2011-2012, 2014-2016
6%
837 Simon Cox FW 37 1 (1) 2010-2012
6%
1002 Sol Bamba DF 28 4 (1) 2018-2019
6%
856 Stefano Okaka FW 36 5 (2) 2016-2019
6%
784 Steven Whittaker DF, MF 41 3 (1) 2012-2013, 2015-2016
6%
1040 Stuart Holden MF 26 2 (2) 2010-2011
6%
1287 Taye Taiwo DF 15 1 (2) 2011-2012
6%
719 Titus Bramble DF 47 1 (0) 2010-2013
6%
1377 Tommy Elphick DF 12 1 (0) 2015-2016
6%
573 Tony Hibbert DF 64 0 (3) 2010-2016
6%
905 Víctor Camarasa MF 33 5 (4) 2018-2020
6%
1347 Viktor Fischer MF, FW 13 0 (3) 2016-2017
6%
1132 Wesley Moraes FW 21 5 (1) 2019-2020
6%
1458 William Smallbone MF, FW 9 0 (2) 2019-2020
6%
1059 Yoshinori Mutō MF, FW 25 1 (0) 2018-2020
6%
1403 Abdoulaye Méïté DF 10 0 (0) 2010-2011
3%
1555 Abdul Razak MF 5 0 (0) 2010-2013
3%
858 Adam Forshaw MF 35 0 (1) 2010-2011, 2016-2017
3%
1157 Adam Hammill MF, FW 19 0 (2) 2010-2012
3%
1349 Adam Idah MF, FW 12 0 (0) 2019-2020
3%
1404 Alberto Paloschi FW 10 2 (0) 2015-2016
3%
891 Alejandro Faurlín MF 33 1 (2) 2011-2012, 2014-2015
3%
1096 Alejandro Pozuelo MF, FW 22 0 (1) 2013-2014
3%
710 Alexander Kačaniklić MF, FW 47 5 (2) 2011-2014
3%
1158 Alex Pearce DF, MF 19 0 (1) 2012-2013
3%
456 Alfie Mawson DF 80 6 (1) 2016-2019
3%
1351 Álvaro Vázquez FW 12 0 (1) 2013-2014
3%
1486 Andrea Dossena DF, MF 7 0 (0) 2013-2014
3%
1628 Andrea Orlandi MF, FW 3 1 (0) 2011-2012
3%
1772 Andy Keogh MF, FW 1 0 (0) 2010-2011
3%
1228 Anthony Réveillère DF 16 0 (2) 2014-2015
3%
1026 Antonio Barragán DF, MF 26 0 (0) 2016-2017
3%
1207 Antonio Luna DF 17 1 (0) 2013-2014
3%
754 Ashkan Dejagah MF, FW 43 5 (3) 2012-2014
3%
1263 Baba Rahman DF, MF 15 0 (1) 2015-2016
3%
1686 Bebé MF, FW 2 0 (0) 2010-2011
3%
1776 Ben Amos GK 1 0 (0) 2011-2012
3%
1183 Benjani FW 18 3 (0) 2010-2011
3%
1318 Ben Osborn DF, MF 13 0 (0) 2019-2020
3%
1687 Ben Wilmot DF, MF 2 0 (0) 2018-2019
3%
827 Beram Kayal MF 37 1 (1) 2017-2019
3%
1382 Bernardo Espinosa DF 11 0 (0) 2016-2017
3%
1777 Bersant Celina MF, FW 1 0 (1) 2015-2016
3%
1518 Billy Gilmour MF 6 0 (0) 2019-2020
3%
1004 Billy Sharp FW 27 3 (2) 2012-2013, 2019-2020
3%
1208 Björn Engels DF 17 1 (0) 2019-2020
3%
1134 Borja Bastón MF, FW 20 1 (0) 2016-2017, 2019-2020
3%
1184 Bradley Orr DF 18 0 (2) 2011-2012
3%
912 Brett Emerton DF, MF 32 4 (5) 2010-2012
3%
1488 Cala DF 7 2 (0) 2013-2014
3%
1409 Cameron Borthwick-Jackson DF, MF 10 0 (1) 2015-2016
3%
1633 Cameron Brannagan MF 3 0 (0) 2015-2016
3%
1786 Carl Ikeme GK 1 0 (0) 2011-2012
3%
1081 Carlos Salcido DF, MF 23 0 (2) 2010-2011
3%
871 Chris Eagles MF 34 4 (6) 2011-2012
3%
663 Chris Löwe DF, MF 52 0 (2) 2017-2019
3%
1636 Connor Randall DF, MF 3 0 (0) 2015-2016
3%
1691 Craig Lynch MF, FW 2 0 (0) 2010-2011
3%
1027 Dame N'Doye FW 26 6 (1) 2014-2016
3%
1790 Daniel Lafferty DF 1 0 (0) 2014-2015
3%
1791 Daniel Pacheco MF, FW 1 0 (0) 2010-2011
3%
1319 Dani Osvaldo FW 13 3 (0) 2013-2014
3%
677 Danny Guthrie MF 51 2 (2) 2010-2013
3%
1357 Dean Hammond MF 12 0 (0) 2014-2015
3%
1231 Denílson MF 16 0 (0) 2010-2011
3%
691 Dickson Etuhu MF 50 2 (2) 2010-2012
3%
932 Didier Ibrahim Ndong DF, MF 31 1 (0) 2016-2017
3%
1185 Don Cowie MF 18 0 (2) 2013-2014
3%
988 Eldin Jakupović GK 28 0 (0) 2013-2014, 2016-2018
3%
797 Elias Kachunga MF, FW 39 1 (1) 2017-2019
3%
1232 Eljero Elia MF, FW 16 2 (0) 2014-2015
3%
1523 Emanuel Pogatetz DF 6 0 (0) 2012-2013
3%
1599 Emilio Nsue DF, FW #N/B 4 0 (0) 2016-2017
3%
952 Eric Maxim Choupo-Moting MF, FW 30 5 (5) 2017-2018
3%
1234 Eunan O'Kane MF 16 0 (1) 2015-2016
3%
1235 Fábio Aurélio DF, MF 16 0 (0) 2010-2012
3%
1700 Fabricio GK 2 0 (0) 2018-2019
3%
1803 Filip Lesniak MF 1 0 (0) 2016-2017
3%
714 Florent Hadergjonaj DF, MF 47 0 (1) 2017-2019
3%
1267 Fousseni Diabaté MF, FW 15 0 (1) 2017-2019
3%
1388 Freddie Sears MF, FW 11 1 (0) 2010-2011
3%
873 Frédéric Piquionne FW 34 6 (3) 2010-2011
3%
678 Gaël Givet DF 51 1 (1) 2010-2012
3%
934 Garath McCleary MF, FW 31 3 (2) 2012-2013
3%
443 Gary Caldwell DF, MF 84 4 (2) 2010-2013
3%
916 Gary Taylor-Fletcher MF, FW 32 6 (4) 2010-2011, 2014-2015
3%
1806 Geoffrey Mujangi Bia MF 1 0 (1) 2010-2011
3%
1066 George Friend DF, MF 24 0 (2) 2016-2017
3%
1563 Georgios Samaras MF, FW 5 0 (0) 2014-2015
3%
969 Gerhard Tremmel GK 29 0 (0) 2011-2015
3%
1032 Giannelli Imbula MF 26 2 (0) 2015-2017
3%
798 Giorgos Karagounis MF 39 1 (0) 2012-2014
3%
1214 Grady Diangana MF, FW 17 0 (1) 2018-2019
3%
1330 Grant Leadbitter MF 13 1 (0) 2016-2017
3%
1492 Greg Cunningham DF, MF 7 0 (0) 2018-2019
3%
829 Hamza Choudhury DF, MF #N/B 37 1 (2) 2017-2020
3%
1119 Håvard Nordtveit DF, MF 21 0 (2) 2016-2017, 2018-2019
3%
1360 Henri Lansbury MF 12 0 (0) 2011-2012, 2019-2020
3%
1567 Henri Saivet MF, FW 5 1 (0) 2015-2016, 2017-2018
3%
1809 Iago Falque MF, FW 1 0 (0) 2012-2013
3%
810 Ian Evatt DF 38 1 (3) 2010-2011
3%
1494 Ignacio Pussetto MF, FW 7 0 (0) 2019-2020
3%
970 Ikechi Anya MF, FW 29 0 (1) 2015-2017
3%
1100 Isaac Mbenza MF, FW 22 1 (1) 2018-2019
3%
1242 Iván Ramis DF 16 2 (0) 2012-2013
3%
1414 Ivo Pinto DF 10 0 (0) 2015-2016
3%
953 Jack Collison MF 30 2 (0) 2010-2011, 2012-2014
3%
1164 Jack Stacey DF 19 0 (2) 2019-2020
3%
561 James Perch DF, MF 65 1 (0) 2010-2013
3%
1528 James Vaughan FW 6 0 (0) 2010-2012
3%
1817 James Weir MF 1 0 (0) 2015-2016
3%
1101 Jan Kirchhoff DF, MF 22 0 (0) 2015-2017
3%
1712 Ján Mucha GK 2 0 (0) 2012-2013
3%
811 Jason Shackell DF 38 0 (0) 2014-2015
3%
790 Javier Garrido DF 40 0 (2) 2012-2014
3%
1530 Jelle Van Damme DF, MF 6 1 (1) 2010-2011
3%
1570 Jeremy Ngakia DF #N/B 5 0 (0) 2019-2020
3%
1531 Jérémy Pied DF, FW 6 0 (1) 2016-2018
3%
879 Jermaine Beckford FW 34 8 (2) 2010-2012
3%
1717 Jesús Gámez DF 2 0 (0) 2017-2018
3%
1070 Jimmy Kébé MF 24 5 (1) 2012-2014
3%
1827 Joel Asoro MF, FW 1 0 (0) 2016-2017
3%
995 Joe Ralls MF 28 0 (0) 2018-2019
3%
1650 Joe Riley DF 3 0 (0) 2011-2012
3%
1245 John Paintsil DF, MF 16 0 (0) 2010-2011
3%
1830 John Swift MF, FW 1 0 (0) 2013-2014
3%
571 Jonathan Hogg MF 64 0 (1) 2010-2011, 2017-2019
3%
357 Jonny Howson DF, MF 104 8 (6) 2011-2013, 2015-2016
3%
1535 Jordan Rhodes FW 6 0 (0) 2016-2017
3%
1833 Jordan Rossiter MF 1 0 (0) 2015-2016
3%
1536 Jordan Spence DF 6 0 (0) 2010-2011, 2012-2013
3%
1537 José Campaña MF 6 0 (1) 2013-2014
3%
1088 José Cañas MF 23 0 (0) 2013-2014
3%
1467 Joseph Yobo DF 8 0 (0) 2013-2014
3%
997 Jos Hooiveld DF, MF 28 0 (0) 2012-2014
3%
1468 Josh Tymon DF, MF 8 0 (0) 2016-2018
3%
1121 Josip Drmić MF, FW 21 1 (0) 2019-2020
3%
1122 Juan Zúñiga DF, MF 21 1 (0) 2016-2017
3%
1018 Kagisho Dikgacoi MF 27 0 (0) 2010-2011, 2013-2014
3%
682 Karim El Ahmadi MF 51 3 (1) 2012-2014
3%
1337 Karlan Grant MF, FW 13 4 (0) 2018-2019
3%
1168 Karl Darlow GK 19 0 (0) 2015-2016, 2017-2018
3%
1723 Kazenga LuaLua MF, FW 2 0 (0) 2010-2011
3%
1072 Keith Fahey MF 24 1 (1) 2010-2011
3%
1124 Keith Southern MF 21 0 (0) 2010-2011
3%
1219 Ken Sema MF, FW 17 1 (2) 2018-2019
3%
701 Kevin Foley DF, MF 49 2 (2) 2010-2012
3%
1572 Kevin McNaughton DF 5 0 (0) 2013-2014
3%
1724 Kieran Dowell MF, FW 2 0 (0) 2015-2016
3%
1573 Kostas Stafylidis DF, MF 5 0 (0) 2017-2018
3%
1842 Kyle Lafferty FW 1 0 (0) 2015-2016
3%
515 Lee Chung-yong MF, FW 71 4 (6) 2010-2011, 2014-2018
3%
1498 Léo Bonatini FW 7 0 (1) 2018-2019
3%
1053 Leon Barnett DF 25 1 (2) 2011-2013
3%
955 Liam Bridcutt DF, MF 30 0 (2) 2013-2015
3%
741 Liam Rosenior DF 45 1 (2) 2013-2014, 2017-2018
3%
1192 Libor Kozák FW 18 4 (0) 2013-2014, 2015-2016
3%
1848 Louis Laing DF 1 0 (0) 2010-2011
3%
1338 Luciano Becchio FW 13 0 (1) 2012-2014
3%
1150 Luciano Vietto MF, FW 20 1 (4) 2018-2019
3%
1471 Ludovic Sylvestre MF 8 0 (0) 2010-2011
3%
1850 Luke Amos MF 1 0 (0) 2018-2019
3%
1574 Luke Garbutt DF, MF 5 0 (0) 2013-2015
3%
956 Luke Varney MF, FW 30 5 (3) 2010-2011
3%
832 Mapou Yanga-Mbiwa DF 37 0 (0) 2012-2014
3%
1499 Marcus Bettinelli GK 7 0 (0) 2018-2019
3%
1303 Marcus Hahnemann GK 14 0 (0) 2010-2011
3%
1473 Marko Grujić MF 8 0 (0) 2016-2018
3%
1250 Marlon Harewood FW 16 5 (1) 2010-2011
3%
1856 Martín Cáceres DF 1 0 (0) 2016-2017
3%
1340 Matt Derbyshire FW 13 0 (0) 2010-2011
3%
1610 Matt Grimes MF 4 0 (0) 2014-2016
3%
1369 Matthew Briggs DF 12 0 (0) 2010-2014
3%
1500 Matthew Pennington DF 7 1 (0) 2015-2017
3%
1341 Mehdi Abeid MF 13 0 (0) 2014-2015
3%
1862 Michael Folivi FW 1 0 (0) 2016-2017
3%
1001 Michael Obafemi FW 28 4 (3) 2017-2020
3%
1742 Michael Tonge MF 2 0 (0) 2010-2011
3%
742 Míchel Salgado DF 45 0 (2) 2010-2012
3%
958 Mikele Leigertwood DF, MF 30 1 (0) 2012-2013
3%
1863 Mike Pollitt GK 1 0 (0) 2010-2011
3%
920 Mike van der Hoorn DF 32 2 (0) 2016-2018
3%
1501 Modibo Diakité DF 7 0 (0) 2013-2014
3%
886 Modibo Maïga MF, FW 34 4 (4) 2012-2013, 2015-2016
3%
1195 Moussa Djenepo DF, MF, FW 18 2 (2) 2019-2020
3%
1669 Muamer Tanković MF, FW 3 0 (0) 2013-2014
3%
1196 Nathan Delfouneso MF, FW 18 1 (0) 2010-2013
3%
1864 Nathan Eccleston FW 1 0 (0) 2010-2011
3%
1153 Nathaniel Mendez-Laing MF, FW 20 4 (1) 2018-2019
3%
941 Neal Eardley DF 31 1 (0) 2010-2011
3%
1502 Neeskens Kebano MF, FW 7 0 (0) 2018-2019
3%
1038 Nile Ranger FW 26 0 (1) 2010-2011, 2012-2013
3%
1671 Ola Aina DF 3 0 (0) 2016-2017
3%
1372 Ola Toivonen MF, FW 12 0 (2) 2015-2016
3%
1476 Omar Elabdellaoui DF, MF 8 0 (0) 2016-2017
3%
1198 Papy Djilobodji DF 18 0 (0) 2016-2017
3%
1869 Park Chu-young MF, FW 1 0 (0) 2011-2012
3%
1373 Patrick Cutrone FW 12 2 (0) 2019-2020
3%
959 Paul McShane DF 30 1 (0) 2013-2015
3%
1576 Radek Černý GK 5 0 (0) 2011-2012
3%
1477 Reece Oxford DF, MF 8 0 (0) 2015-2016, 2017-2018
3%
781 Ricardo Fuller FW 41 4 (1) 2010-2012
3%
596 Richard Stearman DF 61 0 (0) 2010-2012
3%
1451 Ron-Robert Zieler GK 9 0 (0) 2016-2017
3%
686 Rudy Gestede FW 51 6 (2) 2013-2014, 2015-2017
3%
1757 Rushian Hepburn-Murphy FW 2 0 (0) 2014-2016
3%
1091 Samba Diakité MF 23 1 (1) 2011-2013
3%
557 Sam Clucas MF 66 6 (2) 2016-2018
3%
1176 Sam Field MF 19 1 (0) 2015-2018
3%
558 Sascha Riether DF, MF 66 1 (6) 2012-2014
3%
1882 Sergi Canós DF, FW 1 0 (0) 2015-2016
3%
717 Shaun Derry MF 47 1 (0) 2011-2013
3%
1678 Shaun MacDonald MF 3 0 (0) 2015-2016
3%
624 Shaun Maloney MF, FW 58 10 (12) 2011-2012, 2016-2017
3%
1480 Sheyi Ojo MF, FW 8 0 (3) 2015-2016
3%
1617 Simon Lappin DF, MF 4 0 (0) 2011-2012
3%
1508 Simon Vukčević MF 7 1 (1) 2011-2012
3%
783 Somen Tchoyi MF 41 7 (1) 2010-2012
3%
1177 Sotirios Kyrgiakos DF 19 2 (0) 2010-2012
3%
1223 Stephen Kingsley DF 17 0 (2) 2015-2017
3%
760 Stephen Quinn MF, FW 43 1 (3) 2013-2015
3%
651 Stephen Warnock DF 54 2 (4) 2010-2012
3%
1178 Steven Alzate DF, MF 19 0 (0) 2019-2020
3%
1427 Steven Caldwell DF 10 0 (0) 2010-2011
3%
1312 Stuart O'Keefe MF 14 1 (0) 2013-2015
3%
1456 Sulley Muntari MF 9 0 (2) 2010-2011
3%
1313 Suso MF, FW 14 0 (0) 2012-2013
3%
825 Sylvain Marveaux MF, FW 38 1 (5) 2011-2014
3%
660 Sylvan Ebanks-Blake FW 53 8 (6) 2010-2012
3%
1401 Tal Ben Haim DF 11 0 (1) 2010-2011, 2012-2013
3%
1201 Thomas Hitzlsperger MF 18 2 (4) 2010-2011, 2012-2013
3%
1680 Tokelo Rantie FW 3 0 (0) 2015-2016
3%
1257 Tomer Hemed FW 16 2 (2) 2017-2018
3%
1622 Tom Lawrence MF, FW 4 0 (0) 2013-2015
3%
1256 Tom Trybull MF 16 0 (0) 2019-2020
3%
1890 Tyrone Mears DF 1 0 (0) 2011-2012
3%
1345 Urby Emanuelson DF, MF, FW 13 1 (0) 2012-2013
3%
1058 Victor Obinna FW 25 3 (3) 2010-2011
3%
1554 Vince Grella MF 6 0 (0) 2010-2012
3%
865 Wahbi Khazri MF, FW 35 3 (1) 2015-2017
3%
1112 Will Buckley MF, FW 22 0 (2) 2014-2015
3%
1113 Yacouba Sylla MF 22 0 (2) 2012-2014
3%
753 Yakubu Aiyegbeni FW 44 18 (3) 2010-2012
3%
1512 Yann Kermorgant FW 7 0 (0) 2015-2016
3%
1133 Yaya Sanogo FW 21 0 (0) 2013-2015
3%
1259 Aaron Wilbraham FW 15 1 (1) 2011-2012, 2013-2014
0%
1484 Abdelhamid Sabiri MF 7 0 (1) 2017-2019
0%
1350 Adama Diakhaby MF, FW 12 0 (0) 2018-2019
0%
1348 Adam Drury DF 12 0 (0) 2011-2012
0%
1485 Adam Henley DF 7 0 (0) 2011-2012
0%
1768 Akin Famewo MF 1 0 (0) 2019-2020
0%
1179 Ákos Buzsáky MF 18 2 (2) 2011-2012
0%
1460 Alan Tate DF 8 0 (0) 2011-2013
0%
1261 Albert Crusat MF, FW 15 1 (0) 2011-2012
0%
1431 Albian Ajeti FW 9 0 (0) 2019-2020
0%
1683 Alexandre Pato MF, FW 2 1 (0) 2015-2016
0%
1115 Alex Baptiste DF 21 2 (0) 2010-2011
0%
761 Alex Bruce DF 42 0 (1) 2013-2015
0%
910 Almen Abdi MF 32 2 (0) 2015-2016
0%
1770 Amine Linganzi MF 1 0 (0) 2010-2011
0%
1227 Andrea Ranocchia DF 16 2 (2) 2016-2017
0%
1461 Andreas Cornelius FW 8 0 (0) 2013-2014
0%
1061 Andrew Crofts MF 24 0 (1) 2011-2012
0%
1771 Andrew Eleftheriou DF 1 0 (0) 2016-2017
0%
1589 Ángelo Henríquez FW 4 1 (0) 2012-2013
0%
1515 Anthony Forde DF, FW 6 0 (0) 2011-2012
0%
1773 Antonio Barreca DF 1 0 (0) 2018-2019
0%
1405 Antonio Nocerino MF 10 0 (0) 2013-2014
0%
1099 Apostolos Vellios FW 22 3 (1) 2010-2013
0%
1775 Baily Cargill DF 1 0 (0) 2016-2017
0%
1462 Beni Baningime MF 8 0 (0) 2017-2018
0%
1629 Ben Reeves MF 3 0 (0) 2012-2013
0%
1778 Billy Knott MF 1 0 (0) 2012-2013
0%
1006 Boudewijn Zenden DF, FW 27 2 (3) 2010-2011
0%
1779 Brandon Comley MF 1 0 (0) 2014-2015
0%
1689 Brandon Pierrick MF, FW 2 0 (0) 2019-2020
0%
1135 Brendan Galloway DF 20 0 (1) 2014-2017
0%
1162 Brett Ormerod FW 19 1 (2) 2010-2011
0%
1062 Brown Ideye FW 24 4 (2) 2014-2015
0%
1780 Bruno Andrade MF, FW 1 0 (0) 2011-2012
0%
1781 Bruno Jordão FW 1 0 (0) 2019-2020
0%
1782 Bruno Perone DF, MF 1 0 (0) 2011-2012
0%
1783 Cabral MF 1 0 (0) 2013-2014
0%
1632 Callum Slattery MF 3 0 (0) 2018-2019
0%
1785 Cameron Lancaster FW 1 0 (0) 2011-2012
0%
1519 Cauley Woodrow MF, FW 6 1 (0) 2013-2014
0%
1591 Charalampos Mavrias DF, FW 4 0 (0) 2013-2014
0%
567 Christophe Berra DF 64 0 (0) 2010-2012
0%
1788 Cole Kpekawa DF 1 0 (0) 2014-2015
0%
985 Collin Quaner MF, FW 28 0 (4) 2017-2019
0%
1635 Connor Goldson DF 3 0 (0) 2017-2018
0%
1690 Conor McAleny MF, FW 2 0 (0) 2011-2012
0%
913 Conor Sammon FW 32 1 (0) 2010-2012
0%
1384 Cristian Gamboa DF, MF 11 0 (1) 2014-2016
0%
1355 Cristian Riveros MF 12 1 (0) 2010-2011
0%
1637 Dan Agyei MF, FW 3 0 (0) 2016-2017
0%
1638 Daniel Carriço DF, MF 3 0 (0) 2012-2013
0%
1356 Danny Higginbotham DF 12 2 (0) 2010-2012
0%
1692 Dan Potts DF 2 0 (0) 2012-2013
0%
1639 Darnell Furlong DF 3 0 (0) 2014-2015
0%
1046 Darren Pratley DF, MF 25 1 (0) 2011-2012
0%
1385 David Carney DF, MF 11 0 (0) 2010-2011
0%
1138 David Goodwillie FW 20 2 (0) 2011-2012
0%
808 David Stockdale GK 38 0 (0) 2010-2014
0%
930 David Wheater DF 31 2 (2) 2010-2012
0%
1521 Dekel Keinan DF 6 0 (0) 2010-2011
0%
1792 Demeaco Duhaney DF 1 0 (0) 2018-2019
0%
1141 Denis Stracqualursi FW 20 1 (1) 2011-2012
0%
1465 Dennis Srbeny MF, FW 8 1 (0) 2019-2020
0%
1641 Diego Poyet MF 3 0 (0) 2014-2015
0%
1642 Dimitri Foulquier DF, MF 3 0 (0) 2019-2020
0%
846 Diniyar Bilyaletdinov MF 36 2 (3) 2010-2012
0%
1796 Dominic Gape MF 1 0 (0) 2014-2015
0%
1597 Doni GK 4 0 (0) 2011-2012
0%
1598 Dorus de Vries GK 4 0 (0) 2011-2012
0%
1012 Dwight Tiendalli DF 27 1 (0) 2012-2015
0%
1798 Eduard Campabadal DF 1 0 (0) 2012-2013
0%
1643 Eggert Jónsson DF, MF 3 0 (0) 2011-2012
0%
1084 Elliot Grandin MF, FW 23 1 (3) 2010-2011
0%
1522 Elsad Zverotić DF, MF 6 0 (0) 2013-2014
0%
914 Emanuele Giaccherini MF, FW 32 4 (4) 2013-2015
0%
1698 Emerson Hyndman MF 2 0 (0) 2017-2019
0%
1233 Emmanuel Mayuka FW 16 0 (0) 2012-2013, 2014-2015
0%
1387 Evandro Goebel MF 11 0 (0) 2016-2017
0%
1436 Eyong Enoh MF 9 0 (0) 2012-2013
0%
1801 Faustino Anjorin FW 1 0 (0) 2019-2020
0%
1802 Federico Bessone DF 1 0 (0) 2011-2012
0%
1085 Fernando Amorebieta DF 23 1 (0) 2013-2014
0%
1437 Filip Đuričić MF, FW 9 0 (0) 2014-2015
0%
1412 Florin Gardoș DF, MF 10 0 (0) 2014-2015
0%
1237 Floyd Ayité MF, FW 16 1 (0) 2018-2019
0%
1701 Frank Nouble MF, FW 2 0 (0) 2010-2011
0%
1804 Fraser Fyvie MF 1 0 (0) 2012-2013
0%
1805 Freddie Ladapo FW 1 0 (0) 2017-2018
0%
1049 Frederic Guilbert DF, MF 25 0 (2) 2019-2020
0%
1702 Fredrik Ulvestad DF, MF 2 0 (0) 2014-2015
0%
738 Gabriel Tamaș DF 45 0 (0) 2010-2013
0%
1329 Gaël Bigirimana MF 13 1 (0) 2012-2013
0%
1013 Garry Monk DF 27 0 (0) 2011-2013
0%
874 Gary Hooper FW 34 6 (2) 2013-2014, 2015-2016
0%
1562 Gary Madine MF, FW 5 0 (0) 2018-2019
0%
849 George Elokobi DF 36 2 (2) 2010-2012
0%
1703 George Hirst DF, MF 2 0 (0) 2019-2020
0%
1524 George Honeyman MF, FW 6 0 (0) 2015-2017
0%
1438 George Thorne MF 9 0 (0) 2010-2013
0%
1704 Gianni Zuiverloon DF 2 0 (0) 2010-2011
0%
1807 Giedrius Arlauskis GK 1 0 (0) 2015-2016
0%
1297 Goran Popov DF, MF 14 0 (1) 2012-2014
0%
1705 Greg Halford DF, FW 2 0 (0) 2010-2011
0%
726 Grétar Steinsson DF 46 2 (0) 2010-2012
0%
1014 Grzegorz Krychowiak MF 27 0 (2) 2017-2018
0%
1015 Guly do Prado MF, FW 27 0 (1) 2012-2014
0%
1646 Habib Beye DF 3 0 (0) 2010-2011
0%
1566 Haris Vučkić MF, FW 5 0 (0) 2011-2012, 2014-2015
0%
1706 Henrique Hilário GK 2 0 (0) 2011-2012
0%
1389 Hérita Ilunga DF 11 0 (0) 2010-2011
0%
1602 Hérold Goulon DF, MF 4 0 (0) 2010-2011
0%
1707 Hogan Ephraim MF, FW 2 0 (0) 2011-2012
0%
1439 Hope Akpan MF 9 0 (3) 2012-2013
0%
1241 Ian Harte DF 16 0 (3) 2012-2013
0%
1390 Ibrahim Amadou DF, MF 11 0 (0) 2019-2020
0%
1525 Ignacio Scocco MF, FW 6 0 (0) 2013-2014
0%
1603 Indiana Vassilev MF, FW 4 0 (0) 2019-2020
0%
1810 Ishmel Demontagnac MF 1 0 (0) 2010-2011
0%
1186 Itay Shechter FW 18 1 (0) 2012-2013
0%
895 Jack O'Connell DF 33 0 (1) 2019-2020
0%
1527 Jak Alnwick GK 6 0 (0) 2014-2015
0%
1709 Jake Hesketh MF, FW 2 0 (0) 2014-2015
0%
1813 Jake Vokins DF 1 0 (0) 2019-2020
0%
1569 Jakob Haugaard GK 5 0 (0) 2015-2016
0%
1815 James Hurst DF 1 0 (0) 2010-2011
0%
1816 James Husband DF 1 0 (0) 2016-2017
0%
601 Jamie Mackie MF, FW 60 9 (2) 2011-2013
0%
1818 Jamie Sterry DF, MF 1 0 (0) 2015-2016
0%
1648 Jason Euell MF, FW 3 0 (0) 2010-2011
0%
897 Jason Lowe DF, MF 33 0 (1) 2010-2012
0%
1051 Jay Bothroyd FW 25 3 (1) 2011-2013
0%
1821 Jay Emmanuel-Thomas MF, FW 1 0 (0) 2010-2011
0%
1165 Jay Fulton MF 19 0 (0) 2013-2018
0%
1361 Jay Tabb MF 12 0 (1) 2012-2013
0%
1495 Jean Makoun MF 7 0 (0) 2010-2011
0%
1715 Jed Steer GK 2 0 (0) 2014-2015, 2019-2020
0%
1120 Jem Karacan MF 21 1 (1) 2012-2013
0%
1823 Jeremie Boga MF 1 0 (0) 2017-2018
0%
1069 Ji Dong-won MF, FW 24 2 (2) 2011-2012, 2013-2014
0%
1244 Jody Craddock DF, MF 16 1 (0) 2010-2012
0%
1825 Joe Dodoo MF, FW 1 0 (0) 2015-2016
0%
1532 Joe Lolley MF, FW 6 1 (0) 2017-2018
0%
1831 Johnny Gorman MF 1 0 (0) 2011-2012
0%
1824 Jo Inge Berget MF, FW 1 0 (0) 2013-2014
0%
1415 Jonathan Greening MF 10 0 (2) 2010-2011
0%
1534 Jonathan Kodjia FW 6 0 (0) 2019-2020
0%
1300 Jonathan Leko MF, FW 14 0 (2) 2015-2017
0%
1301 Jonathan Spector DF, MF 14 1 (0) 2010-2011
0%
1167 Jordan Bowery DF, FW 19 0 (1) 2012-2014
0%
1652 Jordan Hugill FW 3 0 (0) 2017-2018
0%
1606 Jordan Lyden MF 4 0 (0) 2015-2016
0%
1834 Jordan Slew MF, FW 1 0 (0) 2011-2012
0%
1720 Jose Baxter MF, FW 2 0 (0) 2010-2012
0%
1653 José Pozo MF, FW 3 0 (0) 2014-2015
0%
1539 Julien Ngoy MF, FW 6 0 (0) 2016-2018
0%
1722 Kader Mangane DF, MF 2 0 (0) 2012-2013
0%
1302 Kaspars Gorkšs DF 14 1 (0) 2012-2013
0%
1840 Kelland Watts DF 1 0 (0) 2019-2020
0%
937 Kemy Agustien DF, MF 31 0 (1) 2011-2013
0%
1841 Kenji Gorré MF, FW 1 0 (0) 2014-2015
0%
1171 Kenneth Zohore FW 19 1 (1) 2018-2019
0%
998 Kévin Théophile-Catherine DF 28 0 (0) 2013-2014
0%
1608 Kevin Toner DF 4 0 (1) 2015-2016
0%
1725 Kieron Freeman FW 2 0 (0) 2019-2020
0%
999 Kim Bo-kyung MF 28 1 (0) 2013-2014
0%
1726 Kristoffer Nordfeldt GK 2 0 (0) 2015-2017
0%
1073 Lars Jacobsen DF 24 0 (0) 2010-2011
0%
972 Lee Bowyer MF 29 4 (1) 2010-2011
0%
1149 Lee Peltier DF 20 0 (0) 2018-2019
0%
1541 Lee Tomlin MF, FW 6 0 (0) 2015-2016
0%
1191 Leroy Lita FW 18 2 (1) 2011-2012, 2013-2014
0%
1846 Levi Lumeka FW 1 0 (0) 2017-2018
0%
1074 Lewis Grabban MF, FW 24 1 (0) 2015-2017
0%
1847 Lloyd Isgrove MF 1 0 (0) 2014-2015
0%
1728 Loïc Damour MF 2 0 (0) 2018-2019
0%
1020 Lukas Jutkiewicz FW 27 0 (2) 2014-2015, 2016-2017
0%
1365 Lukas Rupp MF, FW 12 0 (0) 2019-2020
0%
1852 Luke Dreher FW 1 0 (0) 2018-2019
0%
1397 Luke Freeman MF 11 0 (0) 2019-2020
0%
1398 Lynden Gooch DF, FW 11 0 (0) 2016-2017
0%
1542 Magnus Wolff Eikrem MF, FW 6 0 (1) 2013-2014
0%
1732 Marcel Gecov MF 2 0 (0) 2011-2012
0%
1854 Marcello Trotta FW 1 0 (0) 2011-2012
0%
1731 Marc Navarro DF 2 0 (0) 2018-2019
0%
1733 Marco Borriello FW 2 0 (0) 2013-2014
0%
1734 Marcos Angeleri DF 2 0 (0) 2010-2011
0%
1076 Marco Stiepermann MF, FW 24 0 (0) 2019-2020
0%
1151 Mario Vrančić MF 20 1 (0) 2019-2020
0%
1126 Mark Gower MF 21 0 (5) 2011-2013
0%
1855 Mark Halstead GK 1 0 (0) 2010-2011
0%
1278 Markus Henriksen DF, MF 15 0 (0) 2016-2017
0%
1304 Markus Suttner GK, DF 14 0 (0) 2017-2018
0%
1664 Martin Cranie DF 3 0 (0) 2017-2018
0%
1419 Martin Jiránek DF 10 0 (1) 2010-2011
0%
1857 Márton Fülöp GK 1 0 (0) 2011-2012
0%
1736 Martyn Waghorn MF, FW 2 0 (0) 2010-2011
0%
1034 Marvin Emnes MF, FW 26 1 (0) 2013-2016
0%
1220 Marvin Sordell FW 17 0 (0) 2011-2012, 2014-2015
0%
1368 Marvin Zeegelaar DF, FW 12 0 (1) 2017-2018
0%
1339 Mats Møller Dæhli MF, FW 13 1 (0) 2013-2014
0%
1194 Matt Gilks GK 18 0 (0) 2010-2011
0%
1858 Matt Worthington DF, MF 1 0 (0) 2016-2017
0%
1738 Matty Daly MF 2 0 (0) 2018-2019
0%
1420 Matty Fryatt FW 10 2 (0) 2013-2014
0%
1279 Mauro Boselli FW 15 0 (0) 2010-2011, 2012-2013
0%
885 Mauro Formica MF 34 4 (1) 2011-2012
0%
1305 Mbwana Samatta FW 14 1 (0) 2019-2020
0%
1861 Mesca MF 1 0 (0) 2013-2014
0%
1666 Michael Doughty MF 3 0 (0) 2014-2015
0%
1739 Michael Harriman DF, MF 2 0 (0) 2011-2013
0%
1740 Michael Hefele DF 2 0 (0) 2017-2018
0%
1253 Michael Mancienne DF, MF 16 0 (0) 2010-2011
0%
1741 Michael McGovern GK 2 0 (0) 2019-2020
0%
1668 Mikael Mandron FW 3 0 (0) 2012-2013, 2014-2015
0%
1421 Milan Jovanović MF, FW 10 0 (0) 2010-2011
0%
1743 Miloš Veljković DF 2 0 (0) 2013-2014
0%
1744 Mohamed Gedo FW 2 0 (0) 2013-2014
0%
1280 Moritz Bauer DF, MF 15 0 (0) 2017-2018
0%
1446 Moritz Leitner MF 9 0 (0) 2019-2020
0%
1746 Nathan Holland MF 2 0 (0) 2019-2020
0%
1865 Nathan Tella DF, MF, FW 1 0 (0) 2019-2020
0%
757 Nenad Milijaš MF 43 2 (4) 2010-2012
0%
1474 Nenê MF, FW 8 0 (0) 2014-2015
0%
1370 Nick Blackman MF, FW 12 0 (1) 2011-2013
0%
1670 Nicklas Helenius FW 3 0 (0) 2013-2014
0%
1747 Nick Proschwitz FW 2 0 (0) 2013-2014
0%
1475 Nicky Maynard FW 8 0 (0) 2013-2014
0%
522 Nicky Shorey DF, MF 70 0 (6) 2010-2013
0%
1866 Nico Yennaris DF, MF 1 0 (0) 2011-2012
0%
547 Nigel Reo-Coker MF 67 3 (0) 2010-2012
0%
1748 Obbi Oulare FW 2 0 (0) 2015-2016
0%
1867 Ollie Shenton MF 1 0 (0) 2014-2015
0%
1128 Ondřej Čelůstka DF 21 0 (0) 2013-2014
0%
1283 Orestis Karnezis GK 15 0 (0) 2017-2018
0%
1504 Ørjan Nyland GK 7 0 (0) 2019-2020
0%
1750 Owen Garvan MF 2 0 (0) 2013-2014
0%
1575 Pablo Armero DF, MF 5 0 (0) 2013-2014
0%
1306 Pablo Barrera MF, FW 14 0 (0) 2010-2011
0%
1424 Pablo Ibáñez DF 10 1 (0) 2010-2011
0%
1547 Pascal Chimbonda DF 6 0 (0) 2010-2011
0%
1753 Patrick Agyemang FW 2 0 (0) 2011-2012
0%
1754 Paul Rachubka GK 2 0 (0) 2010-2011
0%
779 Pavel Pogrebnyak FW 41 11 (0) 2011-2013
0%
887 Peter Løvenkrands MF, FW 34 6 (4) 2010-2012
0%
1872 Rafael Camacho DF 1 0 (0) 2018-2019
0%
1873 Rafik Halliche DF 1 0 (0) 2010-2011
0%
1874 Ralf Fährmann GK 1 0 (0) 2019-2020
0%
1613 Reece Grego-Cox MF, FW 4 0 (0) 2014-2015
0%
1875 Reece Wabara DF 1 0 (0) 2010-2011
0%
1614 Rhys Healey FW 4 0 (0) 2013-2014, 2018-2019
0%
1578 Richairo Živković FW 5 0 (0) 2019-2020
0%
1672 Richard Chaplow MF 3 0 (0) 2012-2013
0%
1155 Richard Kingson GK 20 0 (0) 2010-2011
0%
1756 Robert Hulse FW 2 0 (0) 2011-2012
0%
1307 Roland Lamah MF, FW 14 2 (2) 2012-2014
0%
1673 Román Golobart DF 3 0 (0) 2012-2013
0%
960 Ronald Zubar DF 30 2 (0) 2010-2012
0%
1579 Ross Turnbull GK 5 0 (0) 2011-2013
0%
1129 Royston Drenthe DF, MF 21 3 (5) 2011-2012
0%
1108 Rubén Rochina MF, FW 22 2 (0) 2010-2012
0%
1879 Ruud Boffin GK 1 0 (0) 2010-2011
0%
1758 Ryan Allsop GK 2 0 (0) 2015-2017
0%
1880 Ryan McGivern DF 1 0 (0) 2010-2011
0%
1881 Ryan Seager FW 1 0 (0) 2014-2015
0%
1674 Ryan Tunnicliffe MF 3 0 (1) 2013-2014
0%
1308 Salif Diao MF 14 0 (0) 2010-2012
0%
1675 Samir Carruthers MF 3 0 (0) 2011-2012
0%
1156 Sam McQueen DF, MF 20 0 (0) 2016-2018
0%
1549 Sam Surridge MF, FW 6 0 (0) 2018-2020
0%
772 Santiago Vergini DF 42 0 (0) 2013-2015
0%
1676 Sebastián Blanco MF, FW 3 0 (0) 2014-2015
0%
1255 Sébastien Pocognoli DF, MF 16 0 (1) 2014-2016
0%
1550 Sergei Kornilenko FW 6 0 (0) 2010-2011
0%
1677 Seydou Doumbia FW 3 0 (0) 2015-2016
0%
1452 Shaun Cummings DF 9 0 (0) 2012-2013
0%
1551 Shefki Kuqi FW 6 0 (0) 2010-2011
0%
1616 Simon Dawkins MF, FW 4 0 (0) 2012-2013
0%
773 Sone Aluko MF, FW 42 2 (3) 2013-2015
0%
1581 Stanislav Manolev DF, MF 5 0 (0) 2012-2013
0%
864 Steed Malbranque MF 35 0 (3) 2010-2011
0%
1376 Stefan Johansen MF 12 0 (0) 2018-2019
0%
1883 Stefan Maierhofer FW 1 0 (0) 2011-2012
0%
944 Stephen Crainey DF 31 0 (0) 2010-2011
0%
1453 Stephen Dobbie FW 9 0 (0) 2011-2012, 2013-2014
0%
1618 Steve De Ridder MF, FW 4 0 (0) 2012-2013
0%
838 Steve Gohouri DF 37 1 (1) 2010-2012
0%
659 Steve Morison FW 53 10 (4) 2011-2013
0%
1619 Steven Mouyokolo DF 4 0 (0) 2010-2011
0%
1582 Stuart Parnaby DF 5 0 (0) 2010-2011
0%
1679 Sullay Kaikai MF, FW 3 0 (0) 2015-2018
0%
1482 Tamir Cohen MF 8 1 (0) 2010-2011
0%
1552 Thievy Bifouma MF, FW 6 2 (0) 2013-2014
0%
1762 Tomáš Kalas DF 2 0 (0) 2013-2014
0%
1886 Tom Thorpe DF 1 0 (0) 2014-2015
0%
1763 Troy Parrott FW 2 0 (0) 2019-2020
0%
963 Tuncay Şanlı MF, FW 30 1 (2) 2010-2012
0%
1510 Tyias Browning DF 7 0 (0) 2014-2016
0%
1891 Uwe Hünemeier DF 1 0 (0) 2017-2018
0%
1429 Vadis Odjidja-Ofoe DF, MF 10 0 (2) 2015-2016
0%
1346 Valentino Lazaro DF, MF, FW 13 1 (0) 2019-2020
0%
1430 Valentin Roberge DF 10 0 (1) 2013-2015
0%
1892 Vangelis Moras DF 1 0 (0) 2011-2012
0%
785 Wesley Hoedt DF 41 0 (1) 2017-2019
0%
1483 William Kvist MF 8 0 (0) 2013-2014
0%
1764 Xisco FW 2 0 (1) 2010-2011
0%
926 Yannick Sagbo FW 32 2 (1) 2013-2015
0%
890 Yan Valery DF 34 2 (1) 2018-2020
0%
1094 Yun Suk-young DF, MF 23 0 (0) 2014-2015
0%
1203 Zak Whitbread DF 18 0 (1) 2011-2012
0%
1459 Zavon Hines MF, FW 9 0 (0) 2010-2011
0%
1585 Zdeněk Grygera DF 5 0 (0) 2011-2012
0%
1204 Zeki Fryers DF 18 0 (0) 2011-2012, 2013-2014, 2016-2017
0%
No matching quizzes found
Score Distribution
Percent of People with Each Score
Percentile by Number Answered
Your Score History
You have not taken this quiz